{"text_format":"1","workbook":"xlsx","n_sheets":2,"sheets":["ICMAL","23K"],"not_rendered":{"charts":0,"images":0,"macros":0,"external_links":5,"defined_names":119,"comments":0,"pivot_tables":0},"unopened":[],"bounds":{"document_bytes":16777216,"sheet_cells":100000,"rows_first":2000,"rows_last":500,"rows_between":2000,"halvings":0,"cell_chars":16384,"cell_head_chars":4096},"cells_cut":0,"cells_raw":0,"read":"whole","date_system":"1900"}

{"sheet":"ICMAL","index":0,"n_rows":34,"n_cols":10,"rows_kept":34,"cut":false,"hidden":false,"merged":[[11,1,11,5],[11,8,11,9],[5,0,5,9],[6,0,6,9],[8,1,8,5],[8,8,8,9],[10,1,10,5],[10,8,10,9],[9,1,9,5],[9,8,9,9]]}
[]
[]
[]
[]
[]
["İCMAL"]
[]
[]
["PROJE :",null,null,null,null,null,null,"YÜKLENİCİ      :"]
["POZ NO :"]
["BLOK ADI :","A BLOK"]
["POZ ADI :"]
[]
["KAT","YAPILAN İŞİN YERİ",null,null,null,null,null,null,"MİKTAR","BİRİM"]
["23.KAT","A","20 cm GAZBETON İLE DUVAR YAPILMASI (SARF MLZ. + ISCILIK)",null,null,null,null,null,null,"m²"]
["23.KAT","B","15 cm GAZBETON İLE DUVAR YAPILMASI (SARF MLZ. + ISCILIK)",null,null,null,null,null,null,"m²"]
["23.KAT","C","12,5 cm GAZBETON İLE DUVAR YAPILMASI (SARF MLZ. + ISCILIK)",null,null,null,null,null,null,"m²"]
["23.KAT","D","10 cm GAZBETON İLE DUVAR YAPILMASI (SARF MLZ. + ISCILIK)",null,null,null,null,null,null,"m²"]
["23.KAT","E","KARA SIVA YAPILMASI (MLZ. + ISCILIK)",null,null,null,null,null,null,"m²"]
["23.KAT","F","DUVAR ÜZERİ ALÇI SIVA+SATEN ALÇI YAPILMASI (MLZ. + ISCILIK)",null,null,null,null,null,0,"m²"]
["23.KAT","F_EP01","DUVAR ÜZERİ ALÇI SIVA+SATEN ALÇI YAPILMASI (MLZ. + ISCILIK)",null,null,null,null,null,null,"m²"]
["23.KAT","G","DUVAR ÜZERİ ALÇI SIVA (MLZ. + ISCILIK)",null,null,null,null,null,0,"m²"]
["23.KAT","G_EP01","DUVAR ÜZERİ ALÇI SIVA (MLZ. + ISCILIK)",null,null,null,null,null,{"$f":"'23K'!$O$323","v":2639.1616000000022},"m²"]
["23.KAT","H","TAVAN ALÇI SIVA+SATEN ALÇI YAPILMASI (MLZ. + ISCILIK)",null,null,null,null,null,null,"m²"]
["23.KAT","I","TAVAN ALÇI SIVA (MLZ. + ISCILIK)",null,null,null,null,null,null,"m²"]
["23.KAT","J","DUVAR-TAVAN SATEN ALÇI YAPILMASI  (MLZ. + ISCILIK)",null,null,null,null,null,null,"mt"]
["23.KAT","K","12.5cm GAZBETON PANEL (60X380X12.5cm) İLE DUVAR YAPILMASI (SARF MLZ. + ISCILIK)",null,null,null,null,null,null,"mt"]
["23.KAT","L","DUVAR ALTI AKUSTİK ŞİLTE 8 MM * 100 MM (DUVAR İMALATLARI İŞÇİLİK FİYATINA DAHİL)",null,null,null,null,null,null,"mt"]
["23.KAT","M","DUVAR ALTI AKUSTİK ŞİLTE 8 MM * 125 MM (DUVAR İMALATLARI İŞÇİLİK FİYATINA DAHİL)",null,null,null,null,null,null,"mt"]
["23.KAT","N","DUVAR ALTI AKUSTİK ŞİLTE 8 MM * 150 MM (DUVAR İMALATLARI İŞÇİLİK FİYATINA DAHİL)",null,null,null,null,null,null,"mt"]
["23.KAT","O","DUVAR ALTI AKUSTİK ŞİLTE 8 MM * 200 MM (DUVAR İMALATLARI İŞÇİLİK FİYATINA DAHİL)",null,null,null,null,null,null,"m²"]
["23.KAT","P","HER TÜRLÜ, HER EBATTA YATAY ve DİKEY HATIL YAPILMASI ",null,null,null,null,null,null,"m²"]
["23.KAT","R_EP02","ŞAFT İÇİ ALÇI SIVA YAPILMASI",null,null,null,null,null,null,"m²"]
["23.KAT","S_EP02","ŞAFT İÇİ BOYA YAPILMASI",null,null,null,null,null,null,"m²"]

{"sheet":"23K","index":1,"n_rows":323,"n_cols":16,"rows_kept":323,"cut":false,"hidden":false,"merged":[[322,0,322,11],[10,1,10,9],[10,13,10,15],[5,0,5,15],[6,0,6,15],[8,1,8,9],[8,13,8,15],[9,1,9,9],[9,13,9,15]]}
[]
[]
[]
[]
[]
["METRAJ"]
["CETVELİ"]
[]
["PROJE :",null,null,null,null,null,null,null,null,null,null,null,"YÜKLENİCİ      :"]
["POZ NO :"]
["POZ ADI :","A BLOK - GAZBETON DUVAR, SIVA, ALÇISIVA+SATEN ALÇI İŞLERİ"]
[]
[null,null,null,"23. NORMAL KAT DUVAR İMALATLARI"]
["23. NORMAL KAT","M-A-UP-DV-23-102-R01-(+100.50 )","G_EP01","DUVAR ÜZERİ ALÇI SIVA (MLZ. + ISCILIK)",null,1,"23. KAT ALÇI SIVA",1,1,3.33,1,3.73,{"$f":"IF(I14>0,H14*I14*J14*K14*L14,0)","v":12.4209},{"$f":"IF(I14<0,H14*I14*J14*K14*L14*-1,0)","v":0},{"$f":"+M14-N14","v":12.4209},"m2"]
["23. NORMAL KAT","M-A-UP-DV-23-102-R01-(+100.50 )","G_EP01","DUVAR ÜZERİ ALÇI SIVA (MLZ. + ISCILIK)",null,2,"23. KAT ALÇI SIVA",1,1,0.97,1,3.73,3.6181000000000001,0,3.6181000000000001,"m2"]
["23. NORMAL KAT","M-A-UP-DV-23-102-R01-(+100.50 )","G_EP01","DUVAR ÜZERİ ALÇI SIVA (MLZ. + ISCILIK)",null,"KR2","Kiriş Minha",1,-1,0.47,1,0.48,0,0.22559999999999997,-0.22559999999999997,"m2"]
["23. NORMAL KAT","M-A-UP-DV-23-102-R01-(+100.50 )","G_EP01","DUVAR ÜZERİ ALÇI SIVA (MLZ. + ISCILIK)",null,3,"23. KAT ALÇI SIVA",1,1,1.9,1,3.73,7.0869999999999997,0,7.0869999999999997,"m2"]
["23. NORMAL KAT","M-A-UP-DV-23-102-R01-(+100.50 )","G_EP01","DUVAR ÜZERİ ALÇI SIVA (MLZ. + ISCILIK)",null,4,"23. KAT ALÇI SIVA",1,1,2.54,1,3.73,9.4741999999999997,0,9.4741999999999997,"m2"]
["23. NORMAL KAT","M-A-UP-DV-23-102-R01-(+100.50 )","G_EP01","DUVAR ÜZERİ ALÇI SIVA (MLZ. + ISCILIK)",null,"KR1","Kiriş Minha",1,-1,0.7,1,0.48,0,0.33599999999999997,-0.33599999999999997,"m2"]
["23. NORMAL KAT","M-A-UP-DV-23-102-R01-(+100.50 )","G_EP01","DUVAR ÜZERİ ALÇI SIVA (MLZ. + ISCILIK)",null,5,"23. KAT ALÇI SIVA",1,1,0.77,1,3.73,2.8721000000000001,0,2.8721000000000001,"m2"]
["23. NORMAL KAT","M-A-UP-DV-23-102-R01-(+100.50 )","G_EP01","DUVAR ÜZERİ ALÇI SIVA (MLZ. + ISCILIK)",null,6,"23. KAT ALÇI SIVA",1,8,1.96,1,3.73,58.486399999999996,0,58.486399999999996,"m2"]
["23. NORMAL KAT","M-A-UP-DV-23-102-R01-(+100.50 )","G_EP01","DUVAR ÜZERİ ALÇI SIVA (MLZ. + ISCILIK)",null,"K1","Minha Kapı",1,-8,1.1000000000000001,1,2.44,0,21.472000000000001,-21.472000000000001,"m2"]
["23. NORMAL KAT","M-A-UP-DV-23-102-R01-(+100.50 )","G_EP01","DUVAR ÜZERİ ALÇI SIVA (MLZ. + ISCILIK)",null,7,"23. KAT ALÇI SIVA",1,1,3.75,1,3.73,13.987500000000001,0,13.987500000000001,"m2"]
["23. NORMAL KAT","M-A-UP-DV-23-102-R01-(+100.50 )","G_EP01","DUVAR ÜZERİ ALÇI SIVA (MLZ. + ISCILIK)",null,"K1","Minha Kapı",1,-1,1.1000000000000001,1,2.44,0,2.6840000000000002,-2.6840000000000002,"m2"]
["23. NORMAL KAT","M-A-UP-DV-23-102-R01-(+100.50 )","G_EP01","DUVAR ÜZERİ ALÇI SIVA (MLZ. + ISCILIK)",null,8,"23. KAT ALÇI SIVA",1,4,1.2,1,3.73,17.904,0,17.904,"m2"]
["23. NORMAL KAT","M-A-UP-DV-23-102-R01-(+100.50 )","G_EP01","DUVAR ÜZERİ ALÇI SIVA (MLZ. + ISCILIK)",null,"KR3","Kiriş Minha",1,-4,1,1,0.48,0,1.92,-1.92,"m2"]
["23. NORMAL KAT","M-A-UP-DV-23-102-R01-(+100.50 )","G_EP01","DUVAR ÜZERİ ALÇI SIVA (MLZ. + ISCILIK)",null,9,"23. KAT ALÇI SIVA",1,1,1.2,1,3.73,4.476,0,4.476,"m2"]
["23. NORMAL KAT","M-A-UP-DV-23-102-R01-(+100.50 )","G_EP01","DUVAR ÜZERİ ALÇI SIVA (MLZ. + ISCILIK)",null,"KR1","Kiriş Minha",1,-1,0.7,1,0.48,0,0.33599999999999997,-0.33599999999999997,"m2"]
["23. NORMAL KAT","M-A-UP-DV-23-102-R01-(+100.50 )","G_EP01","DUVAR ÜZERİ ALÇI SIVA (MLZ. + ISCILIK)",null,10,"23. KAT ALÇI SIVA",1,1,1.9,1,3.73,7.0869999999999997,0,7.0869999999999997,"m2"]
["23. NORMAL KAT","M-A-UP-DV-23-102-R01-(+100.50 )","G_EP01","DUVAR ÜZERİ ALÇI SIVA (MLZ. + ISCILIK)",null,11,"23. KAT ALÇI SIVA",1,9,0.7,1,2.95,18.585000000000001,0,18.585000000000001,"m2"]
["23. NORMAL KAT","M-A-UP-DV-23-102-R01-(+100.50 )","G_EP01","DUVAR ÜZERİ ALÇI SIVA (MLZ. + ISCILIK)",null,12,"23. KAT ALÇI SIVA",1,13,2.2999999999999998,1,3.73,111.527,0,111.527,"m2"]
["23. NORMAL KAT","M-A-UP-DV-23-102-R01-(+100.50 )","G_EP01","DUVAR ÜZERİ ALÇI SIVA (MLZ. + ISCILIK)",null,"KR3","Kiriş Minha",1,-12,1,1,0.48,0,5.76,-5.76,"m2"]
["23. NORMAL KAT","M-A-UP-DV-23-102-R01-(+100.50 )","G_EP01","DUVAR ÜZERİ ALÇI SIVA (MLZ. + ISCILIK)",null,"KR6","Kiriş Minha",1,-1,0.6,1,0.48,0,0.28799999999999998,-0.28799999999999998,"m2"]
["23. NORMAL KAT","M-A-UP-DV-23-102-R01-(+100.50 )","G_EP01","DUVAR ÜZERİ ALÇI SIVA (MLZ. + ISCILIK)",null,13,"23. KAT ALÇI SIVA",1,1,11.32,1,3.73,42.223599999999998,0,42.223599999999998,"m2"]
["23. NORMAL KAT","M-A-UP-DV-23-102-R01-(+100.50 )","G_EP01","DUVAR ÜZERİ ALÇI SIVA (MLZ. + ISCILIK)",null,"K2","Minha Kapı",1,-4,0.8,1,2.44,0,7.8079999999999998,-7.8079999999999998,"m2"]
["23. NORMAL KAT","M-A-UP-DV-23-102-R01-(+100.50 )","G_EP01","DUVAR ÜZERİ ALÇI SIVA (MLZ. + ISCILIK)",null,"KR1","Kiriş Minha",1,-1,0.7,1,0.48,0,0.33599999999999997,-0.33599999999999997,"m2"]
["23. NORMAL KAT","M-A-UP-DV-23-102-R01-(+100.50 )","G_EP01","DUVAR ÜZERİ ALÇI SIVA (MLZ. + ISCILIK)",null,14,"23. KAT ALÇI SIVA",1,2,1.7,1,3.73,12.682,0,12.682,"m2"]
["23. NORMAL KAT","M-A-UP-DV-23-102-R01-(+100.50 )","G_EP01","DUVAR ÜZERİ ALÇI SIVA (MLZ. + ISCILIK)",null,"K2","Minha Kapı",1,-1,0.8,1,2.44,0,1.952,-1.952,"m2"]
["23. NORMAL KAT","M-A-UP-DV-23-102-R01-(+100.50 )","G_EP01","DUVAR ÜZERİ ALÇI SIVA (MLZ. + ISCILIK)",null,15,"23. KAT ALÇI SIVA",1,8,1.8,1,3.73,53.712000000000003,0,53.712000000000003,"m2"]
["23. NORMAL KAT","M-A-UP-DV-23-102-R01-(+100.50 )","G_EP01","DUVAR ÜZERİ ALÇI SIVA (MLZ. + ISCILIK)",null,16,"23. KAT ALÇI SIVA",1,2,3.5,1,3.73,26.11,0,26.11,"m2"]
["23. NORMAL KAT","M-A-UP-DV-23-102-R01-(+100.50 )","G_EP01","DUVAR ÜZERİ ALÇI SIVA (MLZ. + ISCILIK)",null,"K2","Minha Kapı",1,-1,0.8,1,2.44,0,1.952,-1.952,"m2"]
["23. NORMAL KAT","M-A-UP-DV-23-102-R01-(+100.50 )","G_EP01","DUVAR ÜZERİ ALÇI SIVA (MLZ. + ISCILIK)",null,17,"23. KAT ALÇI SIVA",1,2,2.88,1,3.73,21.4848,0,21.4848,"m2"]
["23. NORMAL KAT","M-A-UP-DV-23-102-R01-(+100.50 )","G_EP01","DUVAR ÜZERİ ALÇI SIVA (MLZ. + ISCILIK)",null,"K2","Minha Kapı",1,-1,0.8,1,2.44,0,1.952,-1.952,"m2"]
["23. NORMAL KAT","M-A-UP-DV-23-102-R01-(+100.50 )","G_EP01","DUVAR ÜZERİ ALÇI SIVA (MLZ. + ISCILIK)",null,"KR1","Kiriş Minha",1,-2,0.7,1,0.48,0,0.67199999999999993,-0.67199999999999993,"m2"]
["23. NORMAL KAT","M-A-UP-DV-23-102-R01-(+100.50 )","G_EP01","DUVAR ÜZERİ ALÇI SIVA (MLZ. + ISCILIK)",null,18,"23. KAT ALÇI SIVA",1,2,2.65,1,3.73,19.768999999999998,0,19.768999999999998,"m2"]
["23. NORMAL KAT","M-A-UP-DV-23-102-R01-(+100.50 )","G_EP01","DUVAR ÜZERİ ALÇI SIVA (MLZ. + ISCILIK)",null,"K2","Minha Kapı",1,-1,0.8,1,2.44,0,1.952,-1.952,"m2"]
["23. NORMAL KAT","M-A-UP-DV-23-102-R01-(+100.50 )","G_EP01","DUVAR ÜZERİ ALÇI SIVA (MLZ. + ISCILIK)",null,19,"23. KAT ALÇI SIVA",1,1,1.9,1,3.73,7.0869999999999997,0,7.0869999999999997,"m2"]
["23. NORMAL KAT","M-A-UP-DV-23-102-R01-(+100.50 )","G_EP01","DUVAR ÜZERİ ALÇI SIVA (MLZ. + ISCILIK)",null,20,"23. KAT ALÇI SIVA",1,1,4.04,1,3.73,15.0692,0,15.0692,"m2"]
["23. NORMAL KAT","M-A-UP-DV-23-102-R01-(+100.50 )","G_EP01","DUVAR ÜZERİ ALÇI SIVA (MLZ. + ISCILIK)",null,21,"23. KAT ALÇI SIVA",1,1,22.58,1,3.73,84.223399999999998,0,84.223399999999998,"m2"]
["23. NORMAL KAT","M-A-UP-DV-23-102-R01-(+100.50 )","G_EP01","DUVAR ÜZERİ ALÇI SIVA (MLZ. + ISCILIK)",null,"K3","Minha Kapı",1,-2,1,1,1,0,2,-2,"m2"]
["23. NORMAL KAT","M-A-UP-DV-23-102-R01-(+100.50 )","G_EP01","DUVAR ÜZERİ ALÇI SIVA (MLZ. + ISCILIK)",null,"K4","Minha Kapı",1,-2,0.65,1,1.8,0,2.3400000000000003,-2.3400000000000003,"m2"]
["23. NORMAL KAT","M-A-UP-DV-23-102-R01-(+100.50 )","G_EP01","DUVAR ÜZERİ ALÇI SIVA (MLZ. + ISCILIK)",null,22,"23. KAT ALÇI SIVA",1,1,4.43,1,3.73,16.523899999999998,0,16.523899999999998,"m2"]
["23. NORMAL KAT","M-A-UP-DV-23-102-R01-(+100.50 )","G_EP01","DUVAR ÜZERİ ALÇI SIVA (MLZ. + ISCILIK)",null,"K1","Minha Kapı",1,-1,1.1000000000000001,1,2.44,0,2.6840000000000002,-2.6840000000000002,"m2"]
["23. NORMAL KAT","M-A-UP-DV-23-102-R01-(+100.50 )","G_EP01","DUVAR ÜZERİ ALÇI SIVA (MLZ. + ISCILIK)",null,23,"23. KAT ALÇI SIVA",1,2,2.0299999999999998,1,3.73,15.143799999999999,0,15.143799999999999,"m2"]
["23. NORMAL KAT","M-A-UP-DV-23-102-R01-(+100.50 )","G_EP01","DUVAR ÜZERİ ALÇI SIVA (MLZ. + ISCILIK)",null,24,"23. KAT ALÇI SIVA",1,1,3.4,1,3.73,12.682,0,12.682,"m2"]
["23. NORMAL KAT","M-A-UP-DV-23-102-R01-(+100.50 )","G_EP01","DUVAR ÜZERİ ALÇI SIVA (MLZ. + ISCILIK)",null,"K2","Minha Kapı",1,-1,0.8,1,2.44,0,1.952,-1.952,"m2"]
["23. NORMAL KAT","M-A-UP-DV-23-102-R01-(+100.50 )","G_EP01","DUVAR ÜZERİ ALÇI SIVA (MLZ. + ISCILIK)",null,"KR4","Kiriş Minha",1,-1,0.52,1,0.48,0,0.24959999999999999,-0.24959999999999999,"m2"]
["23. NORMAL KAT","M-A-UP-DV-23-102-R01-(+100.50 )","G_EP01","DUVAR ÜZERİ ALÇI SIVA (MLZ. + ISCILIK)",null,25,"23. KAT ALÇI SIVA",1,1,2.68,1,3.25,8.7100000000000009,0,8.7100000000000009,"m2"]
["23. NORMAL KAT","M-A-UP-DV-23-102-R01-(+100.50 )","G_EP01","DUVAR ÜZERİ ALÇI SIVA (MLZ. + ISCILIK)",null,26,"23. KAT ALÇI SIVA",1,3,0.52,1,3.25,5.07,0,5.07,"m2"]
["23. NORMAL KAT","M-A-UP-DV-23-102-R01-(+100.50 )","G_EP01","DUVAR ÜZERİ ALÇI SIVA (MLZ. + ISCILIK)",null,27,"23. KAT ALÇI SIVA",1,2,3.22,1,3.73,24.0212,0,24.0212,"m2"]
["23. NORMAL KAT","M-A-UP-DV-23-102-R01-(+100.50 )","G_EP01","DUVAR ÜZERİ ALÇI SIVA (MLZ. + ISCILIK)",null,"K2","Minha Kapı",1,-1,0.8,1,2.44,0,1.952,-1.952,"m2"]
["23. NORMAL KAT","M-A-UP-DV-23-102-R01-(+100.50 )","G_EP01","DUVAR ÜZERİ ALÇI SIVA (MLZ. + ISCILIK)",null,"KR5","Kiriş Minha",1,-2,0.5,1,0.48,0,0.48,-0.48,"m2"]
["23. NORMAL KAT","M-A-UP-DV-23-102-R01-(+100.50 )","G_EP01","DUVAR ÜZERİ ALÇI SIVA (MLZ. + ISCILIK)",null,28,"23. KAT ALÇI SIVA",1,1,1.93,1,3.25,6.2725,0,6.2725,"m2"]
["23. NORMAL KAT","M-A-UP-DV-23-102-R01-(+100.50 )","G_EP01","DUVAR ÜZERİ ALÇI SIVA (MLZ. + ISCILIK)",null,29,"23. KAT ALÇI SIVA",1,1,1.93,1,3.73,7.1989000000000001,0,7.1989000000000001,"m2"]
["23. NORMAL KAT","M-A-UP-DV-23-102-R01-(+100.50 )","G_EP01","DUVAR ÜZERİ ALÇI SIVA (MLZ. + ISCILIK)",null,30,"23. KAT ALÇI SIVA",1,1,0.7,1,3.25,2.2749999999999999,0,2.2749999999999999,"m2"]
["23. NORMAL KAT","M-A-UP-DV-23-102-R01-(+100.50 )","G_EP01","DUVAR ÜZERİ ALÇI SIVA (MLZ. + ISCILIK)",null,31,"23. KAT ALÇI SIVA",1,1,1.9,1,3.73,7.0869999999999997,0,7.0869999999999997,"m2"]
["23. NORMAL KAT","M-A-UP-DV-23-102-R01-(+100.50 )","G_EP01","DUVAR ÜZERİ ALÇI SIVA (MLZ. + ISCILIK)",null,32,"23. KAT ALÇI SIVA",1,1,0.55000000000000004,1,3.73,2.0515000000000003,0,2.0515000000000003,"m2"]
["23. NORMAL KAT","M-A-UP-DV-23-102-R01-(+100.50 )","G_EP01","DUVAR ÜZERİ ALÇI SIVA (MLZ. + ISCILIK)",null,33,"23. KAT ALÇI SIVA",1,6,0.55000000000000004,1,3.25,10.725000000000001,0,10.725000000000001,"m2"]
["23. NORMAL KAT","M-A-UP-DV-23-102-R01-(+100.50 )","G_EP01","DUVAR ÜZERİ ALÇI SIVA (MLZ. + ISCILIK)",null,34,"23. KAT ALÇI SIVA",1,3,1.6,1,3.25,15.600000000000001,0,15.600000000000001,"m2"]
["23. NORMAL KAT","M-A-UP-DV-23-102-R01-(+100.50 )","G_EP01","DUVAR ÜZERİ ALÇI SIVA (MLZ. + ISCILIK)",null,35,"23. KAT ALÇI SIVA",1,1,1.1000000000000001,1,3.73,4.1030000000000006,0,4.1030000000000006,"m2"]
["23. NORMAL KAT","M-A-UP-DV-23-102-R01-(+100.50 )","G_EP01","DUVAR ÜZERİ ALÇI SIVA (MLZ. + ISCILIK)",null,36,"23. KAT ALÇI SIVA",1,1,5.65,1,3.73,21.0745,0,21.0745,"m2"]
["23. NORMAL KAT","M-A-UP-DV-23-102-R01-(+100.50 )","G_EP01","DUVAR ÜZERİ ALÇI SIVA (MLZ. + ISCILIK)",null,"KR6","Kiriş Minha",1,-1,0.6,1,0.48,0,0.28799999999999998,-0.28799999999999998,"m2"]
["23. NORMAL KAT","M-A-UP-DV-23-102-R01-(+100.50 )","G_EP01","DUVAR ÜZERİ ALÇI SIVA (MLZ. + ISCILIK)",null,37,"23. KAT ALÇI SIVA",1,1,3.02,1,3.73,11.2646,0,11.2646,"m2"]
["23. NORMAL KAT","M-A-UP-DV-23-102-R01-(+100.50 )","G_EP01","DUVAR ÜZERİ ALÇI SIVA (MLZ. + ISCILIK)",null,"K4","Minha Kapı",1,-1,0.65,1,1.8,0,1.1700000000000002,-1.1700000000000002,"m2"]
["23. NORMAL KAT","M-A-UP-DV-23-102-R01-(+100.50 )","G_EP01","DUVAR ÜZERİ ALÇI SIVA (MLZ. + ISCILIK)",null,38,"23. KAT ALÇI SIVA",1,1,2.68,1,3.73,9.9964000000000013,0,9.9964000000000013,"m2"]
["23. NORMAL KAT","M-A-UP-DV-23-102-R01-(+100.50 )","G_EP01","DUVAR ÜZERİ ALÇI SIVA (MLZ. + ISCILIK)",null,"K1","Minha Kapı",1,-1,1.1000000000000001,1,2.44,0,2.6840000000000002,-2.6840000000000002,"m2"]
["23. NORMAL KAT","M-A-UP-DV-23-102-R01-(+100.50 )","G_EP01","DUVAR ÜZERİ ALÇI SIVA (MLZ. + ISCILIK)",null,"KR1","Kiriş Minha",1,-1,0.7,1,0.48,0,0.33599999999999997,-0.33599999999999997,"m2"]
["23. NORMAL KAT","M-A-UP-DV-23-102-R01-(+100.50 )","G_EP01","DUVAR ÜZERİ ALÇI SIVA (MLZ. + ISCILIK)",null,39,"23. KAT ALÇI SIVA",1,1,1.75,1,3.73,{"$f":"IF(I78>0,H78*I78*J78*K78*L78,0)","v":6.5274999999999999},{"$f":"IF(I78<0,H78*I78*J78*K78*L78*-1,0)","v":0},{"$f":"+M78-N78","v":6.5274999999999999},"m2"]
["23. NORMAL KAT","M-A-UP-DV-23-102-R01-(+100.50 )","G_EP01","DUVAR ÜZERİ ALÇI SIVA (MLZ. + ISCILIK)",null,"K1","Minha Kapı",1,-1,1.1000000000000001,1,2.44,0,2.6840000000000002,-2.6840000000000002,"m2"]
["23. NORMAL KAT","M-A-UP-DV-23-102-R01-(+100.50 )","G_EP01","DUVAR ÜZERİ ALÇI SIVA (MLZ. + ISCILIK)",null,40,"23. KAT ALÇI SIVA",1,1,2.83,1,3.73,10.555899999999999,0,10.555899999999999,"m2"]
["23. NORMAL KAT","M-A-UP-DV-23-102-R01-(+100.50 )","G_EP01","DUVAR ÜZERİ ALÇI SIVA (MLZ. + ISCILIK)",null,"KR1","Kiriş Minha",1,-1,0.7,1,0.48,0,0.33599999999999997,-0.33599999999999997,"m2"]
["23. NORMAL KAT","M-A-UP-DV-23-102-R01-(+100.50 )","G_EP01","DUVAR ÜZERİ ALÇI SIVA (MLZ. + ISCILIK)",null,41,"23. KAT ALÇI SIVA",1,1,1.06,1,3.73,3.9538000000000002,0,3.9538000000000002,"m2"]
["23. NORMAL KAT","M-A-UP-DV-23-102-R01-(+100.50 )","G_EP01","DUVAR ÜZERİ ALÇI SIVA (MLZ. + ISCILIK)",null,42,"23. KAT ALÇI SIVA",1,1,2.81,1,3.73,10.481300000000001,0,10.481300000000001,"m2"]
["23. NORMAL KAT","M-A-UP-DV-23-102-R01-(+100.50 )","G_EP01","DUVAR ÜZERİ ALÇI SIVA (MLZ. + ISCILIK)",null,"K2","Minha Kapı",1,-1,0.8,1,2.44,0,1.952,-1.952,"m2"]
["23. NORMAL KAT","M-A-UP-DV-23-102-R01-(+100.50 )","G_EP01","DUVAR ÜZERİ ALÇI SIVA (MLZ. + ISCILIK)",null,"KR1","Kiriş Minha",1,-1,0.7,1,0.48,0,0.33599999999999997,-0.33599999999999997,"m2"]
["23. NORMAL KAT","M-A-UP-DV-23-102-R01-(+100.50 )","G_EP01","DUVAR ÜZERİ ALÇI SIVA (MLZ. + ISCILIK)",null,43,"23. KAT ALÇI SIVA",1,2,2.44,1,3.73,18.202400000000001,0,18.202400000000001,"m2"]
["23. NORMAL KAT","M-A-UP-DV-23-102-R01-(+100.50 )","G_EP01","DUVAR ÜZERİ ALÇI SIVA (MLZ. + ISCILIK)",null,"KR7","Kiriş Minha",1,-2,0.56000000000000005,1,0.48,0,0.53760000000000008,-0.53760000000000008,"m2"]
["23. NORMAL KAT","M-A-UP-DV-23-102-R01-(+100.50 )","G_EP01","DUVAR ÜZERİ ALÇI SIVA (MLZ. + ISCILIK)",null,"K2","Minha Kapı",1,-1,0.8,1,2.44,0,1.952,-1.952,"m2"]
["23. NORMAL KAT","M-A-UP-DV-23-102-R01-(+100.50 )","G_EP01","DUVAR ÜZERİ ALÇI SIVA (MLZ. + ISCILIK)",null,44,"23. KAT ALÇI SIVA",1,1,0.99,1,3.73,3.6926999999999999,0,3.6926999999999999,"m2"]
["23. NORMAL KAT","M-A-UP-DV-23-102-R01-(+100.50 )","G_EP01","DUVAR ÜZERİ ALÇI SIVA (MLZ. + ISCILIK)",null,45,"23. KAT ALÇI SIVA",1,1,0.99,1,3.25,3.2174999999999998,0,3.2174999999999998,"m2"]
["23. NORMAL KAT","M-A-UP-DV-23-102-R01-(+100.50 )","G_EP01","DUVAR ÜZERİ ALÇI SIVA (MLZ. + ISCILIK)",null,46,"23. KAT ALÇI SIVA",1,1,3.24,1,3.73,12.0852,0,12.0852,"m2"]
["23. NORMAL KAT","M-A-UP-DV-23-102-R01-(+100.50 )","G_EP01","DUVAR ÜZERİ ALÇI SIVA (MLZ. + ISCILIK)",null,47,"23. KAT ALÇI SIVA",1,1,2.74,1,3.73,10.2202,0,10.2202,"m2"]
["23. NORMAL KAT","M-A-UP-DV-23-102-R01-(+100.50 )","G_EP01","DUVAR ÜZERİ ALÇI SIVA (MLZ. + ISCILIK)",null,"K2","Minha Kapı",1,-1,0.8,1,2.44,0,1.952,-1.952,"m2"]
["23. NORMAL KAT","M-A-UP-DV-23-102-R01-(+100.50 )","G_EP01","DUVAR ÜZERİ ALÇI SIVA (MLZ. + ISCILIK)",null,"KR1","Kiriş Minha",1,-1,0.7,1,0.48,0,0.33599999999999997,-0.33599999999999997,"m2"]
["23. NORMAL KAT","M-A-UP-DV-23-102-R01-(+100.50 )","G_EP01","DUVAR ÜZERİ ALÇI SIVA (MLZ. + ISCILIK)",null,48,"23. KAT ALÇI SIVA",1,2,2.44,1,3.73,18.202400000000001,0,18.202400000000001,"m2"]
["23. NORMAL KAT","M-A-UP-DV-23-102-R01-(+100.50 )","G_EP01","DUVAR ÜZERİ ALÇI SIVA (MLZ. + ISCILIK)",null,"K2","Minha Kapı",1,-1,0.8,1,2.44,0,1.952,-1.952,"m2"]
["23. NORMAL KAT","M-A-UP-DV-23-102-R01-(+100.50 )","G_EP01","DUVAR ÜZERİ ALÇI SIVA (MLZ. + ISCILIK)",null,"KR7","Kiriş Minha",1,-2,0.56000000000000005,1,0.48,0,0.53760000000000008,-0.53760000000000008,"m2"]
["23. NORMAL KAT","M-A-UP-DV-23-102-R01-(+100.50 )","G_EP01","DUVAR ÜZERİ ALÇI SIVA (MLZ. + ISCILIK)",null,49,"23. KAT ALÇI SIVA",1,1,1.9,1,3.3,6.27,0,6.27,"m2"]
["23. NORMAL KAT","M-A-UP-DV-23-102-R01-(+100.50 )","G_EP01","DUVAR ÜZERİ ALÇI SIVA (MLZ. + ISCILIK)",null,50,"23. KAT ALÇI SIVA",1,1,1.9,1,3.73,7.0869999999999997,0,7.0869999999999997,"m2"]
["23. NORMAL KAT","M-A-UP-DV-23-102-R01-(+100.50 )","G_EP01","DUVAR ÜZERİ ALÇI SIVA (MLZ. + ISCILIK)",null,51,"23. KAT ALÇI SIVA",1,1,4.01,1,3.73,14.957299999999998,0,14.957299999999998,"m2"]
["23. NORMAL KAT","M-A-UP-DV-23-102-R01-(+100.50 )","G_EP01","DUVAR ÜZERİ ALÇI SIVA (MLZ. + ISCILIK)",null,"KR3","Kiriş Minha",1,-1,1,1,0.48,0,0.48,-0.48,"m2"]
["23. NORMAL KAT","M-A-UP-DV-23-102-R01-(+100.50 )","G_EP01","DUVAR ÜZERİ ALÇI SIVA (MLZ. + ISCILIK)",null,52,"23. KAT ALÇI SIVA",1,1,1.2,1,3.73,4.476,0,4.476,"m2"]
["23. NORMAL KAT","M-A-UP-DV-23-102-R01-(+100.50 )","G_EP01","DUVAR ÜZERİ ALÇI SIVA (MLZ. + ISCILIK)",null,"KR1","Kiriş Minha",1,-1,0.48,1,0.7,0,0.33599999999999997,-0.33599999999999997,"m2"]
["23. NORMAL KAT","M-A-UP-DV-23-102-R01-(+100.50 )","G_EP01","DUVAR ÜZERİ ALÇI SIVA (MLZ. + ISCILIK)",null,53,"23. KAT ALÇI SIVA",1,1,7.55,1,3.73,28.1615,0,28.1615,"m2"]
["23. NORMAL KAT","M-A-UP-DV-23-102-R01-(+100.50 )","G_EP01","DUVAR ÜZERİ ALÇI SIVA (MLZ. + ISCILIK)",null,"K3","Minha Kapı",1,-2,1,1,1,0,2,-2,"m2"]
["23. NORMAL KAT","M-A-UP-DV-23-102-R01-(+100.50 )","G_EP01","DUVAR ÜZERİ ALÇI SIVA (MLZ. + ISCILIK)",null,"K4","Minha Kapı",1,-1,0.65,1,1.8,0,1.1700000000000002,-1.1700000000000002,"m2"]
["23. NORMAL KAT","M-A-UP-DV-23-102-R01-(+100.50 )","G_EP01","DUVAR ÜZERİ ALÇI SIVA (MLZ. + ISCILIK)",null,54,"23. KAT ALÇI SIVA",1,1,5.13,1,3.73,19.134899999999998,0,19.134899999999998,"m2"]
["23. NORMAL KAT","M-A-UP-DV-23-102-R01-(+100.50 )","G_EP01","DUVAR ÜZERİ ALÇI SIVA (MLZ. + ISCILIK)",null,"K1","Minha Kapı",1,-1,1.1000000000000001,1,2.44,0,2.6840000000000002,-2.6840000000000002,"m2"]
["23. NORMAL KAT","M-A-UP-DV-23-102-R01-(+100.50 )","G_EP01","DUVAR ÜZERİ ALÇI SIVA (MLZ. + ISCILIK)",null,"KR4","Kiriş Minha",1,-1,0.52,1,0.48,0,0.24959999999999999,-0.24959999999999999,"m2"]
["23. NORMAL KAT","M-A-UP-DV-23-102-R01-(+100.50 )","G_EP01","DUVAR ÜZERİ ALÇI SIVA (MLZ. + ISCILIK)",null,55,"23. KAT ALÇI SIVA",1,1,2.69,1,3.73,10.0337,0,10.0337,"m2"]
["23. NORMAL KAT","M-A-UP-DV-23-102-R01-(+100.50 )","G_EP01","DUVAR ÜZERİ ALÇI SIVA (MLZ. + ISCILIK)",null,"K2","Minha Kapı",1,-1,0.8,1,2.44,0,1.952,-1.952,"m2"]
["23. NORMAL KAT","M-A-UP-DV-23-102-R01-(+100.50 )","G_EP01","DUVAR ÜZERİ ALÇI SIVA (MLZ. + ISCILIK)",null,56,"23. KAT ALÇI SIVA",1,2,2.44,1,3.73,18.202400000000001,0,18.202400000000001,"m2"]
["23. NORMAL KAT","M-A-UP-DV-23-102-R01-(+100.50 )","G_EP01","DUVAR ÜZERİ ALÇI SIVA (MLZ. + ISCILIK)",null,"K2","Minha Kapı",1,-1,0.8,1,2.44,0,1.952,-1.952,"m2"]
["23. NORMAL KAT","M-A-UP-DV-23-102-R01-(+100.50 )","G_EP01","DUVAR ÜZERİ ALÇI SIVA (MLZ. + ISCILIK)",null,57,"23. KAT ALÇI SIVA",1,2,1.93,1,3.73,14.3978,0,14.3978,"m2"]
["23. NORMAL KAT","M-A-UP-DV-23-102-R01-(+100.50 )","G_EP01","DUVAR ÜZERİ ALÇI SIVA (MLZ. + ISCILIK)",null,58,"23. KAT ALÇI SIVA",1,1,3.62,1,3.73,13.502600000000001,0,13.502600000000001,"m2"]
["23. NORMAL KAT","M-A-UP-DV-23-102-R01-(+100.50 )","G_EP01","DUVAR ÜZERİ ALÇI SIVA (MLZ. + ISCILIK)",null,"K2","Minha Kapı",1,-1,0.8,1,2.44,0,1.952,-1.952,"m2"]
["23. NORMAL KAT","M-A-UP-DV-23-102-R01-(+100.50 )","G_EP01","DUVAR ÜZERİ ALÇI SIVA (MLZ. + ISCILIK)",null,59,"23. KAT ALÇI SIVA",1,2,3.49,1,3.73,26.035400000000003,0,26.035400000000003,"m2"]
["23. NORMAL KAT","M-A-UP-DV-23-102-R01-(+100.50 )","G_EP01","DUVAR ÜZERİ ALÇI SIVA (MLZ. + ISCILIK)",null,"K2","Minha Kapı",1,-1,0.8,1,2.44,0,1.952,-1.952,"m2"]
["23. NORMAL KAT","M-A-UP-DV-23-102-R01-(+100.50 )","G_EP01","DUVAR ÜZERİ ALÇI SIVA (MLZ. + ISCILIK)",null,60,"23. KAT ALÇI SIVA",1,1,1.28,1,3.73,4.7744,0,4.7744,"m2"]
["23. NORMAL KAT","M-A-UP-DV-23-102-R01-(+100.50 )","G_EP01","DUVAR ÜZERİ ALÇI SIVA (MLZ. + ISCILIK)",null,61,"23. KAT ALÇI SIVA",1,1,4.7,1,3.25,15.275,0,15.275,"m2"]
["23. NORMAL KAT","M-A-UP-DV-23-102-R01-(+100.50 )","G_EP01","DUVAR ÜZERİ ALÇI SIVA (MLZ. + ISCILIK)",null,62,"23. KAT ALÇI SIVA",1,1,4,1,3.73,14.92,0,14.92,"m2"]
["23. NORMAL KAT","M-A-UP-DV-23-102-R01-(+100.50 )","G_EP01","DUVAR ÜZERİ ALÇI SIVA (MLZ. + ISCILIK)",null,63,"23. KAT ALÇI SIVA",1,2,3.99,1,3.73,29.765400000000003,0,29.765400000000003,"m2"]
["23. NORMAL KAT","M-A-UP-DV-23-102-R01-(+100.50 )","G_EP01","DUVAR ÜZERİ ALÇI SIVA (MLZ. + ISCILIK)",null,"K1","Minha Kapı",1,-2,1.1000000000000001,1,2.44,0,5.3680000000000003,-5.3680000000000003,"m2"]
["23. NORMAL KAT","M-A-UP-DV-23-102-R01-(+100.50 )","G_EP01","DUVAR ÜZERİ ALÇI SIVA (MLZ. + ISCILIK)",null,64,"23. KAT ALÇI SIVA",1,2,2.08,1,3.73,15.5168,0,15.5168,"m2"]
["23. NORMAL KAT","M-A-UP-DV-23-102-R01-(+100.50 )","G_EP01","DUVAR ÜZERİ ALÇI SIVA (MLZ. + ISCILIK)",null,"K2","Minha Kapı",1,-2,0.8,1,2.44,0,3.9039999999999999,-3.9039999999999999,"m2"]
["23. NORMAL KAT","M-A-UP-DV-23-102-R01-(+100.50 )","G_EP01","DUVAR ÜZERİ ALÇI SIVA (MLZ. + ISCILIK)",null,65,"23. KAT ALÇI SIVA",1,2,3.42,1,3.73,25.513199999999998,0,25.513199999999998,"m2"]
["23. NORMAL KAT","M-A-UP-DV-23-102-R01-(+100.50 )","G_EP01","DUVAR ÜZERİ ALÇI SIVA (MLZ. + ISCILIK)",null,66,"23. KAT ALÇI SIVA",1,4,1.93,1,3.73,28.7956,0,28.7956,"m2"]
["23. NORMAL KAT","M-A-UP-DV-23-102-R01-(+100.50 )","G_EP01","DUVAR ÜZERİ ALÇI SIVA (MLZ. + ISCILIK)",null,"K2","Minha Kapı",1,-2,0.8,1,2.44,0,3.9039999999999999,-3.9039999999999999,"m2"]
["23. NORMAL KAT","M-A-UP-DV-23-102-R01-(+100.50 )","G_EP01","DUVAR ÜZERİ ALÇI SIVA (MLZ. + ISCILIK)",null,67,"23. KAT ALÇI SIVA",1,4,3.22,1,3.73,48.042400000000001,0,48.042400000000001,"m2"]
["23. NORMAL KAT","M-A-UP-DV-23-102-R01-(+100.50 )","G_EP01","DUVAR ÜZERİ ALÇI SIVA (MLZ. + ISCILIK)",null,68,"23. KAT ALÇI SIVA",1,1,10.14,1,3.73,37.822200000000002,0,37.822200000000002,"m2"]
["23. NORMAL KAT","M-A-UP-DV-23-102-R01-(+100.50 )","G_EP01","DUVAR ÜZERİ ALÇI SIVA (MLZ. + ISCILIK)",null,"K3","Minha Kapı",1,-2,1,1,1,0,2,-2,"m2"]
["23. NORMAL KAT","M-A-UP-DV-23-102-R01-(+100.50 )","G_EP01","DUVAR ÜZERİ ALÇI SIVA (MLZ. + ISCILIK)",null,"K4","Minha Kapı",1,-1,0.65,1,1.8,0,1.1700000000000002,-1.1700000000000002,"m2"]
["23. NORMAL KAT","M-A-UP-DV-23-102-R01-(+100.50 )","G_EP01","DUVAR ÜZERİ ALÇI SIVA (MLZ. + ISCILIK)",null,69,"23. KAT ALÇI SIVA",1,2,2.5099999999999998,1,3.73,18.724599999999999,0,18.724599999999999,"m2"]
["23. NORMAL KAT","M-A-UP-DV-23-102-R01-(+100.50 )","G_EP01","DUVAR ÜZERİ ALÇI SIVA (MLZ. + ISCILIK)",null,"K1","Minha Kapı",1,-2,1.1000000000000001,1,2.44,0,5.3680000000000003,-5.3680000000000003,"m2"]
["23. NORMAL KAT","M-A-UP-DV-23-102-R01-(+100.50 )","G_EP01","DUVAR ÜZERİ ALÇI SIVA (MLZ. + ISCILIK)",null,70,"23. KAT ALÇI SIVA",1,2,1.44,1,3.73,10.7424,0,10.7424,"m2"]
["23. NORMAL KAT","M-A-UP-DV-23-102-R01-(+100.50 )","G_EP01","DUVAR ÜZERİ ALÇI SIVA (MLZ. + ISCILIK)",null,71,"23. KAT ALÇI SIVA",1,2,0.67,1,3.73,4.9982000000000006,0,4.9982000000000006,"m2"]
["23. NORMAL KAT","M-A-UP-DV-23-102-R01-(+100.50 )","G_EP01","DUVAR ÜZERİ ALÇI SIVA (MLZ. + ISCILIK)",null,72,"23. KAT ALÇI SIVA",1,2,0.97,1,3.73,7.2362000000000002,0,7.2362000000000002,"m2"]
["23. NORMAL KAT","M-A-UP-DV-23-102-R01-(+100.50 )","G_EP01","DUVAR ÜZERİ ALÇI SIVA (MLZ. + ISCILIK)",null,73,"23. KAT ALÇI SIVA",1,2,5.98,1,3.73,44.610800000000005,0,44.610800000000005,"m2"]
["23. NORMAL KAT","M-A-UP-DV-23-102-R01-(+100.50 )","G_EP01","DUVAR ÜZERİ ALÇI SIVA (MLZ. + ISCILIK)",null,"K2","Minha Kapı",1,-4,0.8,1,2.44,0,7.8079999999999998,-7.8079999999999998,"m2"]
["23. NORMAL KAT","M-A-UP-DV-23-102-R01-(+100.50 )","G_EP01","DUVAR ÜZERİ ALÇI SIVA (MLZ. + ISCILIK)",null,"KR4","Kiriş Minha",1,-2,0.52,1,0.48,0,0.49919999999999998,-0.49919999999999998,"m2"]
["23. NORMAL KAT","M-A-UP-DV-23-102-R01-(+100.50 )","G_EP01","DUVAR ÜZERİ ALÇI SIVA (MLZ. + ISCILIK)",null,74,"23. KAT ALÇI SIVA",1,2,2.66,1,3.73,19.843600000000002,0,19.843600000000002,"m2"]
["23. NORMAL KAT","M-A-UP-DV-23-102-R01-(+100.50 )","G_EP01","DUVAR ÜZERİ ALÇI SIVA (MLZ. + ISCILIK)",null,"K2","Minha Kapı",1,-2,0.8,1,2.44,{"$f":"IF(I142>0,H142*I142*J142*K142*L142,0)","v":0},{"$f":"IF(I142<0,H142*I142*J142*K142*L142*-1,0)","v":3.9039999999999999},{"$f":"+M142-N142","v":-3.9039999999999999},"m2"]
["23. NORMAL KAT","M-A-UP-DV-23-102-R01-(+100.50 )","G_EP01","DUVAR ÜZERİ ALÇI SIVA (MLZ. + ISCILIK)",null,75,"23. KAT ALÇI SIVA",1,2,0.77,1,3.73,5.7442000000000002,0,5.7442000000000002,"m2"]
["23. NORMAL KAT","M-A-UP-DV-23-102-R01-(+100.50 )","G_EP01","DUVAR ÜZERİ ALÇI SIVA (MLZ. + ISCILIK)",null,76,"23. KAT ALÇI SIVA",1,2,0.72,1,3.73,5.3712,0,5.3712,"m2"]
["23. NORMAL KAT","M-A-UP-DV-23-102-R01-(+100.50 )","G_EP01","DUVAR ÜZERİ ALÇI SIVA (MLZ. + ISCILIK)",null,77,"23. KAT ALÇI SIVA",1,2,1.54,1,3.73,11.4884,0,11.4884,"m2"]
["23. NORMAL KAT","M-A-UP-DV-23-102-R01-(+100.50 )","G_EP01","DUVAR ÜZERİ ALÇI SIVA (MLZ. + ISCILIK)",null,78,"23. KAT ALÇI SIVA",1,2,2.61,1,3.73,19.470599999999997,0,19.470599999999997,"m2"]
["23. NORMAL KAT","M-A-UP-DV-23-102-R01-(+100.50 )","G_EP01","DUVAR ÜZERİ ALÇI SIVA (MLZ. + ISCILIK)",null,79,"23. KAT ALÇI SIVA",1,4,1.08,1,3.73,16.113600000000002,0,16.113600000000002,"m2"]
["23. NORMAL KAT","M-A-UP-DV-23-102-R01-(+100.50 )","G_EP01","DUVAR ÜZERİ ALÇI SIVA (MLZ. + ISCILIK)",null,80,"23. KAT ALÇI SIVA",1,4,1.22,1,3.73,18.202400000000001,0,18.202400000000001,"m2"]
["23. NORMAL KAT","M-A-UP-DV-23-102-R01-(+100.50 )","G_EP01","DUVAR ÜZERİ ALÇI SIVA (MLZ. + ISCILIK)",null,81,"23. KAT ALÇI SIVA",1,4,0.1,1,3.73,1.492,0,1.492,"m2"]
["23. NORMAL KAT","M-A-UP-DV-23-102-R01-(+100.50 )","G_EP01","DUVAR ÜZERİ ALÇI SIVA (MLZ. + ISCILIK)",null,82,"23. KAT ALÇI SIVA",1,4,0.55000000000000004,1,3.73,8.2060000000000013,0,8.2060000000000013,"m2"]
["23. NORMAL KAT","M-A-UP-DV-23-102-R01-(+100.50 )","G_EP01","DUVAR ÜZERİ ALÇI SIVA (MLZ. + ISCILIK)",null,83,"23. KAT ALÇI SIVA",1,4,1.1299999999999999,1,3.73,16.859599999999997,0,16.859599999999997,"m2"]
["23. NORMAL KAT","M-A-UP-DV-23-102-R01-(+100.50 )","G_EP01","DUVAR ÜZERİ ALÇI SIVA (MLZ. + ISCILIK)",null,84,"23. KAT ALÇI SIVA",1,2,2.93,1,3.73,21.857800000000001,0,21.857800000000001,"m2"]
["23. NORMAL KAT","M-A-UP-DV-23-102-R01-(+100.50 )","G_EP01","DUVAR ÜZERİ ALÇI SIVA (MLZ. + ISCILIK)",null,"K2","Minha Kapı",1,-2,0.8,1,2.44,0,3.9039999999999999,-3.9039999999999999,"m2"]
["23. NORMAL KAT","M-A-UP-DV-23-102-R01-(+100.50 )","G_EP01","DUVAR ÜZERİ ALÇI SIVA (MLZ. + ISCILIK)",null,"KR8","Kiriş Minha",1,-2,0.42,1,0.48,0,0.40319999999999995,-0.40319999999999995,"m2"]
["23. NORMAL KAT","M-A-UP-DV-23-102-R01-(+100.50 )","G_EP01","DUVAR ÜZERİ ALÇI SIVA (MLZ. + ISCILIK)",null,85,"23. KAT ALÇI SIVA",1,2,2.25,1,3.73,16.785,0,16.785,"m2"]
["23. NORMAL KAT","M-A-UP-DV-23-102-R01-(+100.50 )","G_EP01","DUVAR ÜZERİ ALÇI SIVA (MLZ. + ISCILIK)",null,"KR8","Kiriş Minha",1,-2,0.42,1,0.48,0,0.40319999999999995,-0.40319999999999995,"m2"]
["23. NORMAL KAT","M-A-UP-DV-23-102-R01-(+100.50 )","G_EP01","DUVAR ÜZERİ ALÇI SIVA (MLZ. + ISCILIK)",null,86,"23. KAT ALÇI SIVA",1,2,2.2999999999999998,1,3.25,14.95,0,14.95,"m2"]
["23. NORMAL KAT","M-A-UP-DV-23-102-R01-(+100.50 )","G_EP01","DUVAR ÜZERİ ALÇI SIVA (MLZ. + ISCILIK)",null,87,"23. KAT ALÇI SIVA",1,2,2.2999999999999998,1,3.25,14.95,0,14.95,"m2"]
["23. NORMAL KAT","M-A-UP-DV-23-102-R01-(+100.50 )","G_EP01","DUVAR ÜZERİ ALÇI SIVA (MLZ. + ISCILIK)",null,88,"23. KAT ALÇI SIVA",1,2,0.52,1,3.25,3.38,0,3.38,"m2"]
["23. NORMAL KAT","M-A-UP-DV-23-102-R01-(+100.50 )","G_EP01","DUVAR ÜZERİ ALÇI SIVA (MLZ. + ISCILIK)",null,89,"23. KAT ALÇI SIVA",1,2,1.9,1,3.73,14.173999999999999,0,14.173999999999999,"m2"]
["23. NORMAL KAT","M-A-UP-DV-23-102-R01-(+100.50 )","G_EP01","DUVAR ÜZERİ ALÇI SIVA (MLZ. + ISCILIK)",null,90,"23. KAT ALÇI SIVA",1,1,4.05,1,3.73,15.106499999999999,0,15.106499999999999,"m2"]
["23. NORMAL KAT","M-A-UP-DV-23-102-R01-(+100.50 )","G_EP01","DUVAR ÜZERİ ALÇI SIVA (MLZ. + ISCILIK)",null,"KR6","Kiriş Minha",1,-1,0.6,1,0.48,0,0.28799999999999998,-0.28799999999999998,"m2"]
["23. NORMAL KAT","M-A-UP-DV-23-102-R01-(+100.50 )","G_EP01","DUVAR ÜZERİ ALÇI SIVA (MLZ. + ISCILIK)",null,91,"23. KAT ALÇI SIVA",1,1,4.03,1,3.73,15.0319,0,15.0319,"m2"]
["23. NORMAL KAT","M-A-UP-DV-23-102-R01-(+100.50 )","G_EP01","DUVAR ÜZERİ ALÇI SIVA (MLZ. + ISCILIK)",null,92,"23. KAT ALÇI SIVA",1,1,1.04,1,3.73,3.8792,0,3.8792,"m2"]
["23. NORMAL KAT","M-A-UP-DV-23-102-R01-(+100.50 )","G_EP01","DUVAR ÜZERİ ALÇI SIVA (MLZ. + ISCILIK)",null,93,"23. KAT ALÇI SIVA",1,1,1.85,1,3.73,6.9005000000000001,0,6.9005000000000001,"m2"]
["23. NORMAL KAT","M-A-UP-DV-23-102-R01-(+100.50 )","G_EP01","DUVAR ÜZERİ ALÇI SIVA (MLZ. + ISCILIK)",null,94,"23. KAT ALÇI SIVA",1,1,1.69,1,3.73,6.3037000000000001,0,6.3037000000000001,"m2"]
["23. NORMAL KAT","M-A-UP-DV-23-102-R01-(+100.50 )","G_EP01","DUVAR ÜZERİ ALÇI SIVA (MLZ. + ISCILIK)",null,"K1","Minha Kapı",1,-1,1.1000000000000001,1,2.44,0,2.6840000000000002,-2.6840000000000002,"m2"]
["23. NORMAL KAT","M-A-UP-DV-23-102-R01-(+100.50 )","G_EP01","DUVAR ÜZERİ ALÇI SIVA (MLZ. + ISCILIK)",null,95,"23. KAT ALÇI SIVA",1,1,2.6,1,3.73,9.6980000000000004,0,9.6980000000000004,"m2"]
["23. NORMAL KAT","M-A-UP-DV-23-102-R01-(+100.50 )","G_EP01","DUVAR ÜZERİ ALÇI SIVA (MLZ. + ISCILIK)",null,"K1","Minha Kapı",1,-1,1.1000000000000001,1,2.44,0,2.6840000000000002,-2.6840000000000002,"m2"]
["23. NORMAL KAT","M-A-UP-DV-23-102-R01-(+100.50 )","G_EP01","DUVAR ÜZERİ ALÇI SIVA (MLZ. + ISCILIK)",null,96,"23. KAT ALÇI SIVA",1,3,2,1,3.73,22.38,0,22.38,"m2"]
["23. NORMAL KAT","M-A-UP-DV-23-102-R01-(+100.50 )","G_EP01","DUVAR ÜZERİ ALÇI SIVA (MLZ. + ISCILIK)",null,97,"23. KAT ALÇI SIVA",1,1,2.46,1,3.73,9.1758000000000006,0,9.1758000000000006,"m2"]
["23. NORMAL KAT","M-A-UP-DV-23-102-R01-(+100.50 )","G_EP01","DUVAR ÜZERİ ALÇI SIVA (MLZ. + ISCILIK)",null,98,"23. KAT ALÇI SIVA",1,1,0.15,1,3.73,0.5595,0,0.5595,"m2"]
["23. NORMAL KAT","M-A-UP-DV-23-102-R01-(+100.50 )","G_EP01","DUVAR ÜZERİ ALÇI SIVA (MLZ. + ISCILIK)",null,99,"23. KAT ALÇI SIVA",1,1,6.23,1,3.73,23.2379,0,23.2379,"m2"]
["23. NORMAL KAT","M-A-UP-DV-23-102-R01-(+100.50 )","G_EP01","DUVAR ÜZERİ ALÇI SIVA (MLZ. + ISCILIK)",null,"KR1","Kiriş Minha",1,-1,0.7,1,0.48,0,0.33599999999999997,-0.33599999999999997,"m2"]
["23. NORMAL KAT","M-A-UP-DV-23-102-R01-(+100.50 )","G_EP01","DUVAR ÜZERİ ALÇI SIVA (MLZ. + ISCILIK)",null,100,"23. KAT ALÇI SIVA",1,1,1.1000000000000001,1,3.73,4.1030000000000006,0,4.1030000000000006,"m2"]
["23. NORMAL KAT","M-A-UP-DV-23-102-R01-(+100.50 )","G_EP01","DUVAR ÜZERİ ALÇI SIVA (MLZ. + ISCILIK)",null,"KR3","Kiriş Minha",1,-1,0.48,1,1,0,0.48,-0.48,"m2"]
["23. NORMAL KAT","M-A-UP-DV-23-102-R01-(+100.50 )","G_EP01","DUVAR ÜZERİ ALÇI SIVA (MLZ. + ISCILIK)",null,101,"23. KAT ALÇI SIVA",1,1,1.1000000000000001,1,3.73,4.1030000000000006,0,4.1030000000000006,"m2"]
["23. NORMAL KAT","M-A-UP-DV-23-102-R01-(+100.50 )","G_EP01","DUVAR ÜZERİ ALÇI SIVA (MLZ. + ISCILIK)",null,"KR1","Kiriş Minha",1,-1,0.7,1,0.48,0,0.33599999999999997,-0.33599999999999997,"m2"]
["23. NORMAL KAT","M-A-UP-DV-23-102-R01-(+100.50 )","G_EP01","DUVAR ÜZERİ ALÇI SIVA (MLZ. + ISCILIK)",null,102,"23. KAT ALÇI SIVA",1,1,1.38,1,3.73,5.1473999999999993,0,5.1473999999999993,"m2"]
["23. NORMAL KAT","M-A-UP-DV-23-102-R01-(+100.50 )","G_EP01","DUVAR ÜZERİ ALÇI SIVA (MLZ. + ISCILIK)",null,103,"23. KAT ALÇI SIVA",1,1,2.82,1,3.73,10.518599999999999,0,10.518599999999999,"m2"]
["23. NORMAL KAT","M-A-UP-DV-23-102-R01-(+100.50 )","G_EP01","DUVAR ÜZERİ ALÇI SIVA (MLZ. + ISCILIK)",null,"K2","Minha Kapı",1,-1,0.8,1,2.44,0,1.952,-1.952,"m2"]
["23. NORMAL KAT","M-A-UP-DV-23-102-R01-(+100.50 )","G_EP01","DUVAR ÜZERİ ALÇI SIVA (MLZ. + ISCILIK)",null,104,"23. KAT ALÇI SIVA",1,1,0.53,1,3.73,1.9769000000000001,0,1.9769000000000001,"m2"]
["23. NORMAL KAT","M-A-UP-DV-23-102-R01-(+100.50 )","G_EP01","DUVAR ÜZERİ ALÇI SIVA (MLZ. + ISCILIK)",null,105,"23. KAT ALÇI SIVA",1,1,0.26,1,2.95,0.76700000000000013,0,0.76700000000000013,"m2"]
["23. NORMAL KAT","M-A-UP-DV-23-102-R01-(+100.50 )","G_EP01","DUVAR ÜZERİ ALÇI SIVA (MLZ. + ISCILIK)",null,106,"23. KAT ALÇI SIVA",1,1,2.8,1,2.95,8.26,0,8.26,"m2"]
["23. NORMAL KAT","M-A-UP-DV-23-102-R01-(+100.50 )","G_EP01","DUVAR ÜZERİ ALÇI SIVA (MLZ. + ISCILIK)",null,107,"23. KAT ALÇI SIVA",1,2,2.57,1,3.73,19.1722,0,19.1722,"m2"]
["23. NORMAL KAT","M-A-UP-DV-23-102-R01-(+100.50 )","G_EP01","DUVAR ÜZERİ ALÇI SIVA (MLZ. + ISCILIK)",null,"K2","Minha Kapı",1,-1,0.8,1,2.44,0,1.952,-1.952,"m2"]
["23. NORMAL KAT","M-A-UP-DV-23-102-R01-(+100.50 )","G_EP01","DUVAR ÜZERİ ALÇI SIVA (MLZ. + ISCILIK)",null,108,"23. KAT ALÇI SIVA",1,2,1.28,1,3.73,9.5488,0,9.5488,"m2"]
["23. NORMAL KAT","M-A-UP-DV-23-102-R01-(+100.50 )","G_EP01","DUVAR ÜZERİ ALÇI SIVA (MLZ. + ISCILIK)",null,109,"23. KAT ALÇI SIVA",1,1,5.81,1,3.73,21.671299999999999,0,21.671299999999999,"m2"]
["23. NORMAL KAT","M-A-UP-DV-23-102-R01-(+100.50 )","G_EP01","DUVAR ÜZERİ ALÇI SIVA (MLZ. + ISCILIK)",null,"K3","Minha Kapı",1,-1,1,1,1,0,1,-1,"m2"]
["23. NORMAL KAT","M-A-UP-DV-23-102-R01-(+100.50 )","G_EP01","DUVAR ÜZERİ ALÇI SIVA (MLZ. + ISCILIK)",null,110,"23. KAT ALÇI SIVA",1,1,4.4800000000000004,1,3.73,16.7104,0,16.7104,"m2"]
["23. NORMAL KAT","M-A-UP-DV-23-102-R01-(+100.50 )","G_EP01","DUVAR ÜZERİ ALÇI SIVA (MLZ. + ISCILIK)",null,"K1","Minha Kapı",1,-1,1.1000000000000001,1,2.44,0,2.6840000000000002,-2.6840000000000002,"m2"]
["23. NORMAL KAT","M-A-UP-DV-23-102-R01-(+100.50 )","G_EP01","DUVAR ÜZERİ ALÇI SIVA (MLZ. + ISCILIK)",null,111,"23. KAT ALÇI SIVA",1,1,1.9,1,3.73,7.0869999999999997,0,7.0869999999999997,"m2"]
["23. NORMAL KAT","M-A-UP-DV-23-102-R01-(+100.50 )","G_EP01","DUVAR ÜZERİ ALÇI SIVA (MLZ. + ISCILIK)",null,112,"23. KAT ALÇI SIVA",1,2,0.32,1,2.95,1.8880000000000001,0,1.8880000000000001,"m2"]
["23. NORMAL KAT","M-A-UP-DV-23-102-R01-(+100.50 )","G_EP01","DUVAR ÜZERİ ALÇI SIVA (MLZ. + ISCILIK)",null,113,"23. KAT ALÇI SIVA",1,1,2.08,1,3.73,7.7584,0,7.7584,"m2"]
["23. NORMAL KAT","M-A-UP-DV-23-102-R01-(+100.50 )","G_EP01","DUVAR ÜZERİ ALÇI SIVA (MLZ. + ISCILIK)",null,"K2","Minha Kapı",1,-1,0.8,1,2.44,0,1.952,-1.952,"m2"]
["23. NORMAL KAT","M-A-UP-DV-23-102-R01-(+100.50 )","G_EP01","DUVAR ÜZERİ ALÇI SIVA (MLZ. + ISCILIK)",null,114,"23. KAT ALÇI SIVA",1,1,3.35,1,3.73,12.4955,0,12.4955,"m2"]
["23. NORMAL KAT","M-A-UP-DV-23-102-R01-(+100.50 )","G_EP01","DUVAR ÜZERİ ALÇI SIVA (MLZ. + ISCILIK)",null,"KR4","Kiriş Minha",1,-1,0.48,1,0.52,0,0.24959999999999999,-0.24959999999999999,"m2"]
["23. NORMAL KAT","M-A-UP-DV-23-102-R01-(+100.50 )","G_EP01","DUVAR ÜZERİ ALÇI SIVA (MLZ. + ISCILIK)",null,115,"23. KAT ALÇI SIVA",1,1,2.63,1,3.25,8.5474999999999994,0,8.5474999999999994,"m2"]
["23. NORMAL KAT","M-A-UP-DV-23-102-R01-(+100.50 )","G_EP01","DUVAR ÜZERİ ALÇI SIVA (MLZ. + ISCILIK)",null,116,"23. KAT ALÇI SIVA",1,1,1.93,1,3.73,7.1989000000000001,0,7.1989000000000001,"m2"]
["23. NORMAL KAT","M-A-UP-DV-23-102-R01-(+100.50 )","G_EP01","DUVAR ÜZERİ ALÇI SIVA (MLZ. + ISCILIK)",null,"K2","Minha Kapı",1,-1,0.8,1,2.44,0,1.952,-1.952,"m2"]
["23. NORMAL KAT","M-A-UP-DV-23-102-R01-(+100.50 )","G_EP01","DUVAR ÜZERİ ALÇI SIVA (MLZ. + ISCILIK)",null,117,"23. KAT ALÇI SIVA",1,1,1.93,1,3.25,6.2725,0,6.2725,"m2"]
["23. NORMAL KAT","M-A-UP-DV-23-102-R01-(+100.50 )","G_EP01","DUVAR ÜZERİ ALÇI SIVA (MLZ. + ISCILIK)",null,118,"23. KAT ALÇI SIVA",1,2,3.22,1,3.73,24.0212,0,24.0212,"m2"]
["23. NORMAL KAT","M-A-UP-DV-23-102-R01-(+100.50 )","G_EP01","DUVAR ÜZERİ ALÇI SIVA (MLZ. + ISCILIK)",null,"KR5","Kiriş Minha",1,-2,0.48,1,0.5,0,0.48,-0.48,"m2"]
["23. NORMAL KAT","M-A-UP-DV-23-102-R01-(+100.50 )","G_EP01","DUVAR ÜZERİ ALÇI SIVA (MLZ. + ISCILIK)",null,119,"23. KAT ALÇI SIVA",1,1,5.79,1,3.73,21.596699999999998,0,21.596699999999998,"m2"]
["23. NORMAL KAT","M-A-UP-DV-23-102-R01-(+100.50 )","G_EP01","DUVAR ÜZERİ ALÇI SIVA (MLZ. + ISCILIK)",null,"K3","Minha Kapı",1,-1,1,1,1,0,1,-1,"m2"]
["23. NORMAL KAT","M-A-UP-DV-23-102-R01-(+100.50 )","G_EP01","DUVAR ÜZERİ ALÇI SIVA (MLZ. + ISCILIK)",null,"K4","Minha Kapı",1,-1,0.65,1,1.8,{"$f":"IF(I206>0,H206*I206*J206*K206*L206,0)","v":0},{"$f":"IF(I206<0,H206*I206*J206*K206*L206*-1,0)","v":1.1700000000000002},{"$f":"+M206-N206","v":-1.1700000000000002},"m2"]
["23. NORMAL KAT","M-A-UP-DV-23-102-R01-(+100.50 )","G_EP01","DUVAR ÜZERİ ALÇI SIVA (MLZ. + ISCILIK)",null,120,"23. KAT ALÇI SIVA",1,1,10.15,1,3.73,37.859500000000004,0,37.859500000000004,"m2"]
["23. NORMAL KAT","M-A-UP-DV-23-102-R01-(+100.50 )","G_EP01","DUVAR ÜZERİ ALÇI SIVA (MLZ. + ISCILIK)",null,"K3","Minha Kapı",1,-2,1,1,1,0,2,-2,"m2"]
["23. NORMAL KAT","M-A-UP-DV-23-102-R01-(+100.50 )","G_EP01","DUVAR ÜZERİ ALÇI SIVA (MLZ. + ISCILIK)",null,"K4","Minha Kapı",1,-1,0.65,1,1.8,0,1.1700000000000002,-1.1700000000000002,"m2"]
["23. NORMAL KAT","M-A-UP-DV-23-102-R01-(+100.50 )","G_EP01","DUVAR ÜZERİ ALÇI SIVA (MLZ. + ISCILIK)",null,121,"23. KAT ALÇI SIVA",1,1,3.78,1,3.73,14.099399999999999,0,14.099399999999999,"m2"]
["23. NORMAL KAT","M-A-UP-DV-23-102-R01-(+100.50 )","G_EP01","DUVAR ÜZERİ ALÇI SIVA (MLZ. + ISCILIK)",null,"KR6","Kiriş Minha",1,-1,0.48,1,0.6,0,0.28799999999999998,-0.28799999999999998,"m2"]
["23. NORMAL KAT","M-A-UP-DV-23-102-R01-(+100.50 )","G_EP01","DUVAR ÜZERİ ALÇI SIVA (MLZ. + ISCILIK)",null,122,"23. KAT ALÇI SIVA",1,1,2.78,1,3.73,10.369399999999999,0,10.369399999999999,"m2"]
["23. NORMAL KAT","M-A-UP-DV-23-102-R01-(+100.50 )","G_EP01","DUVAR ÜZERİ ALÇI SIVA (MLZ. + ISCILIK)",null,123,"23. KAT ALÇI SIVA",1,1,1.44,1,3.73,5.3712,0,5.3712,"m2"]
["23. NORMAL KAT","M-A-UP-DV-23-102-R01-(+100.50 )","G_EP01","DUVAR ÜZERİ ALÇI SIVA (MLZ. + ISCILIK)",null,124,"23. KAT ALÇI SIVA",1,1,1,1,3.73,3.73,0,3.73,"m2"]
["23. NORMAL KAT","M-A-UP-DV-23-102-R01-(+100.50 )","G_EP01","DUVAR ÜZERİ ALÇI SIVA (MLZ. + ISCILIK)",null,"KR1","Kiriş Minha",1,-1,0.7,1,0.48,0,0.33599999999999997,-0.33599999999999997,"m2"]
["23. NORMAL KAT","M-A-UP-DV-23-102-R01-(+100.50 )","G_EP01","DUVAR ÜZERİ ALÇI SIVA (MLZ. + ISCILIK)",null,125,"23. KAT ALÇI SIVA",1,1,1.44,1,3.25,4.68,0,4.68,"m2"]
["23. NORMAL KAT","M-A-UP-DV-23-102-R01-(+100.50 )","G_EP01","DUVAR ÜZERİ ALÇI SIVA (MLZ. + ISCILIK)",null,126,"23. KAT ALÇI SIVA",1,3,24.92,1,3.73,278.85480000000001,0,278.85480000000001,"m2"]
["23. NORMAL KAT","M-A-UP-DV-23-102-R01-(+100.50 )","G_EP01","DUVAR ÜZERİ ALÇI SIVA (MLZ. + ISCILIK)",null,"K5","Minha Kapı",1,-1,1.25,1,2.23,0,2.7875000000000001,-2.7875000000000001,"m2"]
["23. NORMAL KAT","M-A-UP-DV-23-102-R01-(+100.50 )","G_EP01","DUVAR ÜZERİ ALÇI SIVA (MLZ. + ISCILIK)",null,"K6","Minha Kapı",1,-3,1.8,1,2.23,0,12.042,-12.042,"m2"]
["23. NORMAL KAT","M-A-UP-DV-23-102-R01-(+100.50 )","G_EP01","DUVAR ÜZERİ ALÇI SIVA (MLZ. + ISCILIK)",null,"K7","Minha Kapı",1,-3,1,1,2.23,0,6.6899999999999995,-6.6899999999999995,"m2"]
["23. NORMAL KAT","M-A-UP-DV-23-102-R01-(+100.50 )","G_EP01","DUVAR ÜZERİ ALÇI SIVA (MLZ. + ISCILIK)",null,"K8","Minha Kapı",1,-1,1.5,1,2.23,0,3.3449999999999998,-3.3449999999999998,"m2"]
["23. NORMAL KAT","M-A-UP-DV-23-102-R01-(+100.50 )","G_EP01","DUVAR ÜZERİ ALÇI SIVA (MLZ. + ISCILIK)",null,127,"23. KAT ALÇI SIVA",1,2,0.75,1,3.73,5.5949999999999998,0,5.5949999999999998,"m2"]
["23. NORMAL KAT","M-A-UP-DV-23-102-R01-(+100.50 )","G_EP01","DUVAR ÜZERİ ALÇI SIVA (MLZ. + ISCILIK)",null,128,"23. KAT ALÇI SIVA",1,2,1.7,1,3.73,12.682,0,12.682,"m2"]
["23. NORMAL KAT","M-A-UP-DV-23-102-R01-(+100.50 )","G_EP01","DUVAR ÜZERİ ALÇI SIVA (MLZ. + ISCILIK)",null,"KR1","Kiriş Minha",1,-1,0.7,1,0.48,0,0.33599999999999997,-0.33599999999999997,"m2"]
["23. NORMAL KAT","M-A-UP-DV-23-102-R01-(+100.50 )","G_EP01","DUVAR ÜZERİ ALÇI SIVA (MLZ. + ISCILIK)",null,129,"23. KAT ALÇI SIVA",1,2,0.75,1,3.25,4.875,0,4.875,"m2"]
["23. NORMAL KAT","M-A-UP-DV-23-102-R01-(+100.50 )","G_EP01","DUVAR ÜZERİ ALÇI SIVA (MLZ. + ISCILIK)",null,130,"23. KAT ALÇI SIVA",1,1,1.25,1,{"$f":"4-1.2-0.05","v":2.75},3.4375,0,3.4375,"m2"]
["23. NORMAL KAT","M-A-UP-DV-23-102-R01-(+100.50 )","G_EP01","DUVAR ÜZERİ ALÇI SIVA (MLZ. + ISCILIK)",null,"K5","Minha Kapı",1,-1,1.25,1,2.23,0,2.7875000000000001,-2.7875000000000001,"m2"]
["23. NORMAL KAT","M-A-UP-DV-23-102-R01-(+100.50 )","G_EP01","DUVAR ÜZERİ ALÇI SIVA (MLZ. + ISCILIK)",null,131,"23. KAT ALÇI SIVA",1,16,0.7,1,2.75,30.799999999999997,0,30.799999999999997,"m2"]
["23. NORMAL KAT","M-A-UP-DV-23-102-R01-(+100.50 )","G_EP01","DUVAR ÜZERİ ALÇI SIVA (MLZ. + ISCILIK)",null,132,"23. KAT ALÇI SIVA",1,2,1.4,1,3.73,10.443999999999999,0,10.443999999999999,"m2"]
["23. NORMAL KAT","M-A-UP-DV-23-102-R01-(+100.50 )","G_EP01","DUVAR ÜZERİ ALÇI SIVA (MLZ. + ISCILIK)",null,133,"23. KAT ALÇI SIVA",1,1,3.8,1,3.73,14.173999999999999,0,14.173999999999999,"m2"]
["23. NORMAL KAT","M-A-UP-DV-23-102-R01-(+100.50 )","G_EP01","DUVAR ÜZERİ ALÇI SIVA (MLZ. + ISCILIK)",null,"K5","Minha Kapı",1,-1,1.25,1,2.23,0,2.7875000000000001,-2.7875000000000001,"m2"]
["23. NORMAL KAT","M-A-UP-DV-23-102-R01-(+100.50 )","G_EP01","DUVAR ÜZERİ ALÇI SIVA (MLZ. + ISCILIK)",null,134,"23. KAT ALÇI SIVA",1,1,2.5499999999999998,1,3.35,8.5425000000000004,0,8.5425000000000004,"m2"]
["23. NORMAL KAT","M-A-UP-DV-23-102-R01-(+100.50 )","G_EP01","DUVAR ÜZERİ ALÇI SIVA (MLZ. + ISCILIK)",null,135,"23. KAT ALÇI SIVA",1,1,3.2,1,3.93,12.576000000000001,0,12.576000000000001,"m2"]
["23. NORMAL KAT","M-A-UP-DV-23-102-R01-(+100.50 )","G_EP01","DUVAR ÜZERİ ALÇI SIVA (MLZ. + ISCILIK)",null,"K5","Minha Kapı",1,-1,1.25,1,2.23,0,2.7875000000000001,-2.7875000000000001,"m2"]
["23. NORMAL KAT","M-A-UP-DV-23-102-R01-(+100.50 )","G_EP01","DUVAR ÜZERİ ALÇI SIVA (MLZ. + ISCILIK)",null,136,"23. KAT ALÇI SIVA",1,2,6.01,1,3.73,44.834599999999995,0,44.834599999999995,"m2"]
["23. NORMAL KAT","M-A-UP-DV-23-102-R01-(+100.50 )","G_EP01","DUVAR ÜZERİ ALÇI SIVA (MLZ. + ISCILIK)",null,137,"23. KAT ALÇI SIVA",1,2,3.2,1,3.73,23.872,0,23.872,"m2"]
["23. NORMAL KAT","M-A-UP-DV-23-102-R01-(+100.50 )","G_EP01","DUVAR ÜZERİ ALÇI SIVA (MLZ. + ISCILIK)",null,138,"23. KAT ALÇI SIVA",1,1,1.57,1,3.73,5.8561000000000005,0,5.8561000000000005,"m2"]
["23. NORMAL KAT","M-A-UP-DV-23-102-R01-(+100.50 )","G_EP01","DUVAR ÜZERİ ALÇI SIVA (MLZ. + ISCILIK)",null,139,"23. KAT ALÇI SIVA",1,1,0.75,1,3.73,2.7974999999999999,0,2.7974999999999999,"m2"]
["23. NORMAL KAT","M-A-UP-DV-23-102-R01-(+100.50 )","G_EP01","DUVAR ÜZERİ ALÇI SIVA (MLZ. + ISCILIK)",null,140,"23. KAT ALÇI SIVA",1,1,0.9,1,4,3.6,0,3.6,"m2"]
["23. NORMAL KAT","M-A-UP-DV-23-102-R01-(+100.50 )","G_EP01","DUVAR ÜZERİ ALÇI SIVA (MLZ. + ISCILIK)",null,141,"23. KAT ALÇI SIVA",1,1,0.54,1,4,2.16,0,2.16,"m2"]
["23. NORMAL KAT","M-A-UP-DV-23-102-R01-(+100.50 )","G_EP01","DUVAR ÜZERİ ALÇI SIVA (MLZ. + ISCILIK)",null,142,"23. KAT ALÇI SIVA",1,1,0.33,1,4,1.32,0,1.32,"m2"]
["23. NORMAL KAT","M-A-UP-DV-23-102-R01-(+100.50 )","G_EP01","DUVAR ÜZERİ ALÇI SIVA (MLZ. + ISCILIK)",null,143,"23. KAT ALÇI SIVA",1,1,0.99,1,3.73,3.6926999999999999,0,3.6926999999999999,"m2"]
["23. NORMAL KAT","M-A-UP-DV-23-102-R01-(+100.50 )","G_EP01","DUVAR ÜZERİ ALÇI SIVA (MLZ. + ISCILIK)",null,144,"23. KAT ALÇI SIVA",1,2,1,1,4.4800000000000004,8.9600000000000009,0,8.9600000000000009,"m2"]
["23. NORMAL KAT","M-A-UP-DV-23-102-R01-(+100.50 )","G_EP01","DUVAR ÜZERİ ALÇI SIVA (MLZ. + ISCILIK)",null,"K7","Minha Kapı",1,-2,1,1,2.23,0,4.46,-4.46,"m2"]
["23. NORMAL KAT","M-A-UP-DV-23-102-R01-(+100.50 )","G_EP01","DUVAR ÜZERİ ALÇI SIVA (MLZ. + ISCILIK)",null,145,"23. KAT ALÇI SIVA",1,1,3.37,1,3.73,12.5701,0,12.5701,"m2"]
["23. NORMAL KAT","M-A-UP-DV-23-102-R01-(+100.50 )","G_EP01","DUVAR ÜZERİ ALÇI SIVA (MLZ. + ISCILIK)",null,146,"23. KAT ALÇI SIVA",1,1,3.31,1,3.73,12.346299999999999,0,12.346299999999999,"m2"]
["23. NORMAL KAT","M-A-UP-DV-23-102-R01-(+100.50 )","G_EP01","DUVAR ÜZERİ ALÇI SIVA (MLZ. + ISCILIK)",null,147,"23. KAT ALÇI SIVA",1,1,0.44,1,3.73,1.6412,0,1.6412,"m2"]
["23. NORMAL KAT","M-A-UP-DV-23-102-R01-(+100.50 )","G_EP01","DUVAR ÜZERİ ALÇI SIVA (MLZ. + ISCILIK)",null,148,"23. KAT ALÇI SIVA",1,1,2.1,1,4,8.4,0,8.4,"m2"]
["23. NORMAL KAT","M-A-UP-DV-23-102-R01-(+100.50 )","G_EP01","DUVAR ÜZERİ ALÇI SIVA (MLZ. + ISCILIK)",null,149,"23. KAT ALÇI SIVA",1,1,1.85,1,{"$f":"4-0.6-0.05","v":3.35},6.1975000000000007,0,6.1975000000000007,"m2"]
["23. NORMAL KAT","M-A-UP-DV-23-102-R01-(+100.50 )","G_EP01","DUVAR ÜZERİ ALÇI SIVA (MLZ. + ISCILIK)",null,150,"23. KAT ALÇI SIVA",1,1,0.13,1,3.35,0.43550000000000005,0,0.43550000000000005,"m2"]
["23. NORMAL KAT","M-A-UP-DV-23-102-R01-(+100.50 )","G_EP01","DUVAR ÜZERİ ALÇI SIVA (MLZ. + ISCILIK)",null,151,"23. KAT ALÇI SIVA",1,1,1.81,1,3.73,6.7513000000000005,0,6.7513000000000005,"m2"]
["23. NORMAL KAT","M-A-UP-DV-23-102-R01-(+100.50 )","G_EP01","DUVAR ÜZERİ ALÇI SIVA (MLZ. + ISCILIK)",null,152,"23. KAT ALÇI SIVA",1,3,1.8,1,2.8,15.12,0,15.12,"m2"]
["23. NORMAL KAT","M-A-UP-DV-23-102-R01-(+100.50 )","G_EP01","DUVAR ÜZERİ ALÇI SIVA (MLZ. + ISCILIK)",null,"K6","Minha Kapı",1,-3,1.8,1,2.23,0,12.042,-12.042,"m2"]
["23. NORMAL KAT","M-A-UP-DV-23-102-R01-(+100.50 )","G_EP01","DUVAR ÜZERİ ALÇI SIVA (MLZ. + ISCILIK)",null,153,"23. KAT ALÇI SIVA",1,1,6,1,3.73,22.38,0,22.38,"m2"]
["23. NORMAL KAT","M-A-UP-DV-23-102-R01-(+100.50 )","G_EP01","DUVAR ÜZERİ ALÇI SIVA (MLZ. + ISCILIK)",null,"K9","Minha Kapı",1,-1,0.65,1,2.0299999999999998,0,1.3194999999999999,-1.3194999999999999,"m2"]
["23. NORMAL KAT","M-A-UP-DV-23-102-R01-(+100.50 )","G_EP01","DUVAR ÜZERİ ALÇI SIVA (MLZ. + ISCILIK)",null,"K10","Minha Kapı",1,-1,0.9,1,2.23,0,2.0070000000000001,-2.0070000000000001,"m2"]
["23. NORMAL KAT","M-A-UP-DV-23-102-R01-(+100.50 )","G_EP01","DUVAR ÜZERİ ALÇI SIVA (MLZ. + ISCILIK)",null,154,"23. KAT ALÇI SIVA",1,1,1.96,1,3.73,7.3107999999999995,0,7.3107999999999995,"m2"]
["23. NORMAL KAT","M-A-UP-DV-23-102-R01-(+100.50 )","G_EP01","DUVAR ÜZERİ ALÇI SIVA (MLZ. + ISCILIK)",null,"K10","Minha Kapı",1,-1,0.9,1,2.23,0,2.0070000000000001,-2.0070000000000001,"m2"]
["23. NORMAL KAT","M-A-UP-DV-23-102-R01-(+100.50 )","G_EP01","DUVAR ÜZERİ ALÇI SIVA (MLZ. + ISCILIK)",null,155,"23. KAT ALÇI SIVA",1,1,2.34,1,3.73,8.7281999999999993,0,8.7281999999999993,"m2"]
["23. NORMAL KAT","M-A-UP-DV-23-102-R01-(+100.50 )","G_EP01","DUVAR ÜZERİ ALÇI SIVA (MLZ. + ISCILIK)",null,156,"23. KAT ALÇI SIVA",1,1,0.53,1,3.73,1.9769000000000001,0,1.9769000000000001,"m2"]
["23. NORMAL KAT","M-A-UP-DV-23-102-R01-(+100.50 )","G_EP01","DUVAR ÜZERİ ALÇI SIVA (MLZ. + ISCILIK)",null,157,"23. KAT ALÇI SIVA",1,1,3,1,3.73,11.19,0,11.19,"m2"]
["23. NORMAL KAT","M-A-UP-DV-23-102-R01-(+100.50 )","G_EP01","DUVAR ÜZERİ ALÇI SIVA (MLZ. + ISCILIK)",null,158,"23. KAT ALÇI SIVA",1,1,2.4,1,3.73,8.952,0,8.952,"m2"]
["23. NORMAL KAT","M-A-UP-DV-23-102-R01-(+100.50 )","G_EP01","DUVAR ÜZERİ ALÇI SIVA (MLZ. + ISCILIK)",null,159,"23. KAT ALÇI SIVA",1,4,0.4,1,{"$f":"4-0.6-0.05","v":3.35},5.36,0,5.36,"m2"]
["23. NORMAL KAT","M-A-UP-DV-23-102-R01-(+100.50 )","G_EP01","DUVAR ÜZERİ ALÇI SIVA (MLZ. + ISCILIK)",null,160,"23. KAT ALÇI SIVA",1,4,0.27,1,3.35,3.6180000000000003,0,3.6180000000000003,"m2"]
["23. NORMAL KAT","M-A-UP-DV-23-102-R01-(+100.50 )","G_EP01","DUVAR ÜZERİ ALÇI SIVA (MLZ. + ISCILIK)",null,161,"23. KAT ALÇI SIVA",1,4,5.6,1,3.35,75.039999999999992,0,75.039999999999992,"m2"]
["23. NORMAL KAT","M-A-UP-DV-23-102-R01-(+100.50 )","G_EP01","DUVAR ÜZERİ ALÇI SIVA (MLZ. + ISCILIK)",null,"K11","Minha Kapı",1,-8,1.9,1,2.23,0,33.896000000000001,-33.896000000000001,"m2"]
["23. NORMAL KAT","M-A-UP-DV-23-102-R01-(+100.50 )","G_EP01","DUVAR ÜZERİ ALÇI SIVA (MLZ. + ISCILIK)",null,162,"23. KAT ALÇI SIVA",1,3,0.28999999999999998,1,3.73,3.2450999999999994,0,3.2450999999999994,"m2"]
["23. NORMAL KAT","M-A-UP-DV-23-102-R01-(+100.50 )","G_EP01","DUVAR ÜZERİ ALÇI SIVA (MLZ. + ISCILIK)",null,163,"23. KAT ALÇI SIVA",1,2,2.11,1,3.73,15.740599999999999,0,15.740599999999999,"m2"]
["23. NORMAL KAT","M-A-UP-DV-23-102-R01-(+100.50 )","G_EP01","DUVAR ÜZERİ ALÇI SIVA (MLZ. + ISCILIK)",null,164,"23. KAT ALÇI SIVA",1,4,0.27,1,3.35,3.6180000000000003,0,3.6180000000000003,"m2"]
["23. NORMAL KAT","M-A-UP-DV-23-102-R01-(+100.50 )","G_EP01","DUVAR ÜZERİ ALÇI SIVA (MLZ. + ISCILIK)",null,165,"23. KAT ALÇI SIVA",1,1,2.69,1,3.73,{"$f":"IF(I270>0,H270*I270*J270*K270*L270,0)","v":10.0337},{"$f":"IF(I270<0,H270*I270*J270*K270*L270*-1,0)","v":0},{"$f":"+M270-N270","v":10.0337},"m2"]
["23. NORMAL KAT","M-A-UP-DV-23-102-R01-(+100.50 )","G_EP01","DUVAR ÜZERİ ALÇI SIVA (MLZ. + ISCILIK)",null,166,"23. KAT ALÇI SIVA",1,1,5.5,1,3.73,20.515000000000001,0,20.515000000000001,"m2"]
["23. NORMAL KAT","M-A-UP-DV-23-102-R01-(+100.50 )","G_EP01","DUVAR ÜZERİ ALÇI SIVA (MLZ. + ISCILIK)",null,"K7","Minha Kapı",1,-1,1,1,2.23,0,2.23,-2.23,"m2"]
["23. NORMAL KAT","M-A-UP-DV-23-102-R01-(+100.50 )","G_EP01","DUVAR ÜZERİ ALÇI SIVA (MLZ. + ISCILIK)",null,167,"23. KAT ALÇI SIVA",1,1,1.86,1,3.73,6.9378000000000002,0,6.9378000000000002,"m2"]
["23. NORMAL KAT","M-A-UP-DV-23-102-R01-(+100.50 )","G_EP01","DUVAR ÜZERİ ALÇI SIVA (MLZ. + ISCILIK)",null,"K7","Minha Kapı",1,-1,1,1,2.23,0,2.23,-2.23,"m2"]
["23. NORMAL KAT","M-A-UP-DV-23-102-R01-(+100.50 )","G_EP01","DUVAR ÜZERİ ALÇI SIVA (MLZ. + ISCILIK)",null,168,"23. KAT ALÇI SIVA",1,1,0.45,1,3.73,1.6785000000000001,0,1.6785000000000001,"m2"]
["23. NORMAL KAT","M-A-UP-DV-23-102-R01-(+100.50 )","G_EP01","DUVAR ÜZERİ ALÇI SIVA (MLZ. + ISCILIK)",null,169,"23. KAT ALÇI SIVA",1,1,0.93,1,3.73,3.4689000000000001,0,3.4689000000000001,"m2"]
["23. NORMAL KAT","M-A-UP-DV-23-102-R01-(+100.50 )","G_EP01","DUVAR ÜZERİ ALÇI SIVA (MLZ. + ISCILIK)",null,170,"23. KAT ALÇI SIVA",1,1,1.35,1,3.73,5.0354999999999999,0,5.0354999999999999,"m2"]
["23. NORMAL KAT","M-A-UP-DV-23-102-R01-(+100.50 )","G_EP01","DUVAR ÜZERİ ALÇI SIVA (MLZ. + ISCILIK)",null,171,"23. KAT ALÇI SIVA",1,1,2.4500000000000002,1,3.73,9.1385000000000005,0,9.1385000000000005,"m2"]
["23. NORMAL KAT","M-A-UP-DV-23-102-R01-(+100.50 )","G_EP01","DUVAR ÜZERİ ALÇI SIVA (MLZ. + ISCILIK)",null,172,"23. KAT ALÇI SIVA",1,1,2.42,1,4,9.68,0,9.68,"m2"]
["23. NORMAL KAT","M-A-UP-DV-23-102-R01-(+100.50 )","G_EP01","DUVAR ÜZERİ ALÇI SIVA (MLZ. + ISCILIK)",null,173,"23. KAT ALÇI SIVA",1,1,2.78,1,3.73,10.369399999999999,0,10.369399999999999,"m2"]
["23. NORMAL KAT","M-A-UP-DV-23-102-R01-(+100.50 )","G_EP01","DUVAR ÜZERİ ALÇI SIVA (MLZ. + ISCILIK)",null,174,"23. KAT ALÇI SIVA",1,2,5.9,1,3.78,44.603999999999999,0,44.603999999999999,"m2"]
["23. NORMAL KAT","M-A-UP-DV-23-102-R01-(+100.50 )","G_EP01","DUVAR ÜZERİ ALÇI SIVA (MLZ. + ISCILIK)",null,175,"23. KAT ALÇI SIVA",1,1,3.2,1,4.03,12.896000000000001,0,12.896000000000001,"m2"]
["23. NORMAL KAT","M-A-UP-DV-23-102-R01-(+100.50 )","G_EP01","DUVAR ÜZERİ ALÇI SIVA (MLZ. + ISCILIK)",null,"K5","Minha Kapı",1,-1,1.25,1,2.23,0,2.7875000000000001,-2.7875000000000001,"m2"]
["23. NORMAL KAT","M-A-UP-DV-23-102-R01-(+100.50 )","G_EP01","DUVAR ÜZERİ ALÇI SIVA (MLZ. + ISCILIK)",null,176,"23. KAT ALÇI SIVA",1,1,2.2000000000000002,1,3.73,8.2060000000000013,0,8.2060000000000013,"m2"]
["23. NORMAL KAT","M-A-UP-DV-23-102-R01-(+100.50 )","G_EP01","DUVAR ÜZERİ ALÇI SIVA (MLZ. + ISCILIK)",null,"K5","Minha Kapı",1,-1,1.25,1,2.23,0,2.7875000000000001,-2.7875000000000001,"m2"]
["23. NORMAL KAT","M-A-UP-DV-23-102-R01-(+100.50 )","G_EP01","DUVAR ÜZERİ ALÇI SIVA (MLZ. + ISCILIK)",null,177,"23. KAT ALÇI SIVA",1,1,3.79,1,3.73,14.136699999999999,0,14.136699999999999,"m2"]
["23. NORMAL KAT","M-A-UP-DV-23-102-R01-(+100.50 )","G_EP01","DUVAR ÜZERİ ALÇI SIVA (MLZ. + ISCILIK)",null,178,"23. KAT ALÇI SIVA",1,1,1.18,1,3.73,4.4013999999999998,0,4.4013999999999998,"m2"]
["23. NORMAL KAT","M-A-UP-DV-23-102-R01-(+100.50 )","G_EP01","DUVAR ÜZERİ ALÇI SIVA (MLZ. + ISCILIK)",null,179,"23. KAT ALÇI SIVA",1,1,1.31,1,3.73,4.8863000000000003,0,4.8863000000000003,"m2"]
["23. NORMAL KAT","M-A-UP-DV-23-102-R01-(+100.50 )","G_EP01","DUVAR ÜZERİ ALÇI SIVA (MLZ. + ISCILIK)",null,180,"23. KAT ALÇI SIVA",1,1,1.5,1,4.0999999999999996,6.1499999999999995,0,6.1499999999999995,"m2"]
["23. NORMAL KAT","M-A-UP-DV-23-102-R01-(+100.50 )","G_EP01","DUVAR ÜZERİ ALÇI SIVA (MLZ. + ISCILIK)",null,"K8","Minha Kapı",1,-1,1.5,1,2.23,0,3.3449999999999998,-3.3449999999999998,"m2"]
["23. NORMAL KAT","M-A-UP-DV-23-102-R01-(+100.50 )","G_EP01","DUVAR ÜZERİ ALÇI SIVA (MLZ. + ISCILIK)",null,181,"23. KAT ALÇI SIVA",1,1,0.62,1,3.73,2.3125999999999998,0,2.3125999999999998,"m2"]
["23. NORMAL KAT","M-A-UP-DV-23-102-R01-(+100.50 )","G_EP01","DUVAR ÜZERİ ALÇI SIVA (MLZ. + ISCILIK)",null,182,"23. KAT ALÇI SIVA",1,1,3.2,1,{"$f":"4-0.6-0.05","v":3.35},10.72,0,10.72,"m2"]
["23. NORMAL KAT","M-A-UP-DV-23-102-R01-(+100.50 )","G_EP01","DUVAR ÜZERİ ALÇI SIVA (MLZ. + ISCILIK)",null,"K11","Minha Kapı",1,-1,1.9,1,2.23,0,4.2370000000000001,-4.2370000000000001,"m2"]
["23. NORMAL KAT","M-A-UP-DV-23-102-R01-(+100.50 )","G_EP01","DUVAR ÜZERİ ALÇI SIVA (MLZ. + ISCILIK)",null,183,"23. KAT ALÇI SIVA",1,1,0.22,1,3.35,0.73699999999999999,0,0.73699999999999999,"m2"]
["23. NORMAL KAT","M-A-UP-DV-23-102-R01-(+100.50 )","G_EP01","DUVAR ÜZERİ ALÇI SIVA (MLZ. + ISCILIK)",null,184,"23. KAT ALÇI SIVA",1,1,1.2,1,{"$f":"4-1.2-0.05","v":2.75},3.3,0,3.3,"m2"]
["23. NORMAL KAT","M-A-UP-DV-23-102-R01-(+100.50 )","G_EP01","DUVAR ÜZERİ ALÇI SIVA (MLZ. + ISCILIK)",null,"K7","Minha Kapı",1,-1,1,1,2.23,0,2.23,-2.23,"m2"]
["23. NORMAL KAT","M-A-UP-DV-23-102-R01-(+100.50 )","G_EP01","DUVAR ÜZERİ ALÇI SIVA (MLZ. + ISCILIK)",null,185,"23. KAT ALÇI SIVA",1,1,2.71,1,3.73,10.1083,0,10.1083,"m2"]
["23. NORMAL KAT","M-A-UP-DV-23-102-R01-(+100.50 )","G_EP01","DUVAR ÜZERİ ALÇI SIVA (MLZ. + ISCILIK)",null,"K7","Minha Kapı",1,-1,1,1,2.23,0,2.23,-2.23,"m2"]
["23. NORMAL KAT","M-A-UP-DV-23-102-R01-(+100.50 )","G_EP01","DUVAR ÜZERİ ALÇI SIVA (MLZ. + ISCILIK)",null,186,"23. KAT ALÇI SIVA",1,1,2.67,1,3.73,9.9590999999999994,0,9.9590999999999994,"m2"]
["23. NORMAL KAT","M-A-UP-DV-23-102-R01-(+100.50 )","G_EP01","DUVAR ÜZERİ ALÇI SIVA (MLZ. + ISCILIK)",null,"K7","Minha Kapı",1,-1,1,1,2.23,0,2.23,-2.23,"m2"]
["23. NORMAL KAT","M-A-UP-DV-23-102-R01-(+100.50 )","G_EP01","DUVAR ÜZERİ ALÇI SIVA (MLZ. + ISCILIK)",null,187,"23. KAT ALÇI SIVA",1,1,3.58,1,3.73,13.353400000000001,0,13.353400000000001,"m2"]
["23. NORMAL KAT","M-A-UP-DV-23-102-R01-(+100.50 )","G_EP01","DUVAR ÜZERİ ALÇI SIVA (MLZ. + ISCILIK)",null,188,"23. KAT ALÇI SIVA",1,1,0.81,1,3.73,3.0213000000000001,0,3.0213000000000001,"m2"]
["23. NORMAL KAT","M-A-UP-DV-23-102-R01-(+100.50 )","G_EP01","DUVAR ÜZERİ ALÇI SIVA (MLZ. + ISCILIK)",null,189,"23. KAT ALÇI SIVA",1,1,2.2200000000000002,1,3.73,8.2806000000000015,0,8.2806000000000015,"m2"]
["23. NORMAL KAT","M-A-UP-DV-23-102-R01-(+100.50 )","G_EP01","DUVAR ÜZERİ ALÇI SIVA (MLZ. + ISCILIK)",null,190,"23. KAT ALÇI SIVA",1,1,0.75,1,3.73,2.7974999999999999,0,2.7974999999999999,"m2"]
["23. NORMAL KAT","M-A-UP-DV-23-102-R01-(+100.50 )","G_EP01","DUVAR ÜZERİ ALÇI SIVA (MLZ. + ISCILIK)",null,191,"23. KAT ALÇI SIVA",1,1,3.15,1,3.73,11.749499999999999,0,11.749499999999999,"m2"]
["23. NORMAL KAT","M-A-UP-DV-23-102-R01-(+100.50 )","G_EP01","DUVAR ÜZERİ ALÇI SIVA (MLZ. + ISCILIK)",null,192,"23. KAT ALÇI SIVA",1,1,1.74,1,3.73,6.4901999999999997,0,6.4901999999999997,"m2"]
["23. NORMAL KAT","M-A-UP-DV-23-102-R01-(+100.50 )","G_EP01","DUVAR ÜZERİ ALÇI SIVA (MLZ. + ISCILIK)",null,193,"23. KAT ALÇI SIVA",1,1,3.62,1,3.73,13.502600000000001,0,13.502600000000001,"m2"]
["23. NORMAL KAT","M-A-UP-DV-23-102-R01-(+100.50 )","G_EP01","DUVAR ÜZERİ ALÇI SIVA (MLZ. + ISCILIK)",null,194,"23. KAT ALÇI SIVA",1,1,1.38,1,3.73,5.1473999999999993,0,5.1473999999999993,"m2"]
["23. NORMAL KAT","M-A-UP-DV-23-102-R01-(+100.50 )","G_EP01","DUVAR ÜZERİ ALÇI SIVA (MLZ. + ISCILIK)",null,195,"23. KAT ALÇI SIVA",1,1,5.0999999999999996,1,{"$f":"4-0.6-0.05","v":3.35},17.085000000000001,0,17.085000000000001,"m2"]
["23. NORMAL KAT","M-A-UP-DV-23-102-R01-(+100.50 )","G_EP01","DUVAR ÜZERİ ALÇI SIVA (MLZ. + ISCILIK)",null,"K11","Minha Kapı",1,-2,1.9,1,2.23,0,8.4740000000000002,-8.4740000000000002,"m2"]
["23. NORMAL KAT","M-A-UP-DV-23-102-R01-(+100.50 )","G_EP01","DUVAR ÜZERİ ALÇI SIVA (MLZ. + ISCILIK)",null,196,"23. KAT ALÇI SIVA",1,1,0.17,1,3.35,0.56950000000000001,0,0.56950000000000001,"m2"]
["23. NORMAL KAT","M-A-UP-DV-23-102-R01-(+100.50 )","G_EP01","DUVAR ÜZERİ ALÇI SIVA (MLZ. + ISCILIK)",null,197,"23. KAT ALÇI SIVA",1,1,0.4,1,3.73,1.492,0,1.492,"m2"]
["23. NORMAL KAT","M-A-UP-DV-23-102-R01-(+100.50 )","G_EP01","DUVAR ÜZERİ ALÇI SIVA (MLZ. + ISCILIK)",null,198,"23. KAT ALÇI SIVA",1,1,1.69,1,3.73,6.3037000000000001,0,6.3037000000000001,"m2"]
["23. NORMAL KAT","M-A-UP-DV-23-102-R01-(+100.50 )","G_EP01","DUVAR ÜZERİ ALÇI SIVA (MLZ. + ISCILIK)",null,"K9","Minha Kapı",1,-1,0.65,1,2.0299999999999998,0,1.3194999999999999,-1.3194999999999999,"m2"]
["23. NORMAL KAT","M-A-UP-DV-23-102-R01-(+100.50 )","G_EP01","DUVAR ÜZERİ ALÇI SIVA (MLZ. + ISCILIK)",null,199,"23. KAT ALÇI SIVA",1,1,1.77,1,3.73,6.6021000000000001,0,6.6021000000000001,"m2"]
["23. NORMAL KAT","M-A-UP-DV-23-102-R01-(+100.50 )","G_EP01","DUVAR ÜZERİ ALÇI SIVA (MLZ. + ISCILIK)",null,"K9","Minha Kapı",1,-1,0.65,1,2.0299999999999998,0,1.3194999999999999,-1.3194999999999999,"m2"]
["23. NORMAL KAT","M-A-UP-DV-23-102-R01-(+100.50 )","G_EP01","DUVAR ÜZERİ ALÇI SIVA (MLZ. + ISCILIK)",null,200,"23. KAT ALÇI SIVA",1,1,0.79,1,3.73,2.9467000000000003,0,2.9467000000000003,"m2"]
["23. NORMAL KAT","M-A-UP-DV-23-102-R01-(+100.50 )","G_EP01","DUVAR ÜZERİ ALÇI SIVA (MLZ. + ISCILIK)",null,201,"23. KAT ALÇI SIVA",1,1,3.43,1,3.4,11.662000000000001,0,11.662000000000001,"m2"]
["23. NORMAL KAT","M-A-UP-DV-23-102-R01-(+100.50 )","G_EP01","DUVAR ÜZERİ ALÇI SIVA (MLZ. + ISCILIK)",null,"K9","Minha Kapı",1,-1,0.65,1,2.0299999999999998,0,1.3194999999999999,-1.3194999999999999,"m2"]
["23. NORMAL KAT",null,"G_EP01","DUVAR ÜZERİ ALÇI SIVA (MLZ. + ISCILIK)",null,null,null,null,null,null,null,null,{"$f":"IF(I320>0,H320*I320*J320*K320*L320,0)","v":0},{"$f":"IF(I320<0,H320*I320*J320*K320*L320*-1,0)","v":0},{"$f":"+M320-N320","v":0},"m2"]
["23. NORMAL KAT",null,"G_EP01","DUVAR ÜZERİ ALÇI SIVA (MLZ. + ISCILIK)",null,null,null,null,null,null,null,null,0,0,0,"m2"]
["23. NORMAL KAT",null,"G_EP01","DUVAR ÜZERİ ALÇI SIVA (MLZ. + ISCILIK)",null,null,null,null,null,null,null,null,0,0,0,"m2"]
["TOPLAM >",null,null,null,null,null,null,null,null,null,null,null,{"$f":"SUM(M14:M322)","v":2921.9088000000024},{"$f":"SUM(N14:N322)","v":282.74720000000002},{"$f":"M323-N323","v":2639.1616000000022},"m2"]